日本の市区町村(1999年) - Statistics

General Stats
  • This quiz has been taken 24 times
  • The average score is 287 of 3377
Answer Stats
コード 市区町村 % Correct
01204 旭川市
67%
01206 釧路市
67%
01202 函館市
58%
01207 帯広市
58%
01213 苫小牧市
58%
01224 千歳市
58%
01234 北広島市
58%
24201 津市
58%
24203 伊勢市
58%
25201 大津市
58%
01101 札幌市中央区
50%
01103 札幌市東区
50%
01205 室蘭市
50%
01208 北見市
50%
01209 夕張市
50%
01229 富良野市
50%
21209 羽島市
50%
24210 亀山市
50%
01102 札幌市北区
42%
01104 札幌市白石区
42%
01105 札幌市豊平区
42%
01106 札幌市南区
42%
01107 札幌市西区
42%
01108 札幌市厚別区
42%
01109 札幌市手稲区
42%
01110 札幌市清田区
42%
01203 小樽市
42%
01211 網走市
42%
01212 留萌市
42%
01214 稚内市
42%
01217 江別市
42%
01218 赤平市
42%
01219 紋別市
42%
01220 士別市
42%
01223 根室市
42%
01225 滝川市
42%
01226 砂川市
42%
01228 深川市
42%
01230 登別市
42%
01231 恵庭市
42%
01233 伊達市
42%
02201 青森市
42%
02202 弘前市
42%
02203 八戸市
42%
02205 五所川原市
42%
02208 むつ市
42%
13103 港区
42%
13108 江東区
42%
13121 足立区
42%
15201 新潟市
42%
21201 岐阜市
42%
21202 大垣市
42%
21203 高山市
42%
21204 多治見市
42%
21206 中津川市
42%
21207 美濃市
42%
21208 瑞浪市
42%
21210 恵那市
42%
21211 美濃加茂市
42%
21212 土岐市
42%
21213 各務原市
42%
23219 小牧市
42%
24202 四日市市
42%
24204 松阪市
42%
24207 鈴鹿市
42%
24208 名張市
42%
24209 尾鷲市
42%
24211 鳥羽市
42%
24212 熊野市
42%
24324 員弁郡東員町
42%
25206 草津市
42%
26103 京都市左京区
42%
26108 京都市右京区
42%
26210 八幡市
42%
27207 高槻市
42%
36201 徳島市
42%
37201 高松市
42%
38201 松山市
42%
42202 佐世保市
42%
42204 諫早市
42%
01210 岩見沢市
33%
01216 芦別市
33%
01221 名寄市
33%
01222 三笠市
33%
01227 歌志内市
33%
01235 石狩市
33%
01331 松前郡松前町
33%
01337 亀田郡七飯町
33%
02204 黒石市
33%
03201 盛岡市
33%
03202 宮古市
33%
03203 大船渡市
33%
03204 水沢市
33%
03206 北上市
33%
03207 久慈市
33%
03208 遠野市
33%
03209 一関市
33%
03210 陸前高田市
33%
03211 釜石市
33%
03212 江刺市
33%
03213 二戸市
33%
04202 石巻市
33%
04205 気仙沼市
33%
04206 白石市
33%
04207 名取市
33%
04209 多賀城市
33%
04211 岩沼市
33%
05206 男鹿市
33%
06201 山形市
33%
07203 郡山市
33%
07208 喜多方市
33%
09201 宇都宮市
33%
09202 足利市
33%
10205 太田市
33%
11204 浦和市
33%
11205 大宮市
33%
11207 秩父市
33%
11220 与野市
33%
11224 戸田市
33%
13102 中央区
33%
13104 新宿区
33%
13118 荒川区
33%
13123 江戸川区
33%
13202 立川市
33%
13206 | 34208 府中市
33%
13207 昭島市
33%
15209 加茂市
33%
17204 輪島市
33%
17205 珠洲市
33%
18201 福井市
33%
18202 敦賀市
33%
18204 小浜市
33%
18205 大野市
33%
18207 鯖江市
33%
19201 甲府市
33%
19205 山梨市
33%
19206 大月市
33%
19207 韮崎市
33%
20201 長野市
33%
20202 松本市
33%
20207 須坂市
33%
20214 茅野市
33%
21205 関市
33%
21214 可児市
33%
21321 海津郡海津町
33%
22204 清水市
33%
23201 豊橋市
33%
23202 岡崎市
33%
23203 一宮市
33%
23204 瀬戸市
33%
23205 半田市
33%
23206 春日井市
33%
23207 豊川市
33%
23208 津島市
33%
23209 碧南市
33%
23212 安城市
33%
23214 蒲郡市
33%
23215 犬山市
33%
23217 江南市
33%
23224 知多市
33%
23225 知立市
33%
23226 尾張旭市
33%
23228 岩倉市
33%
23229 豊明市
33%
24205 桑名市
33%
24206 上野市
33%
24213 久居市
33%
24301 桑名郡多度町
33%
24303 桑名郡木曽岬町
33%
24321 員弁郡北勢町
33%
24322 員弁郡員弁町
33%
24323 員弁郡大安町
33%
24341 三重郡菰野町
33%
24343 三重郡朝日町
33%
24344 三重郡川越町
33%
25204 近江八幡市
33%
26104 京都市中京区
33%
26201 福知山市
33%
26202 舞鶴市
33%
26204 宇治市
33%
26206 亀岡市
33%
26207 城陽市
33%
26208 向日市
33%
26209 長岡京市
33%
26211 京田辺市
33%
27113 大阪市西淀川区
33%
27114 大阪市東淀川区
33%
27115 大阪市東成区
33%
27120 大阪市住吉区
33%
27122 大阪市西成区
33%
27125 大阪市住之江区
33%
27201 堺市
33%
27202 岸和田市
33%
27203 豊中市
33%
27204 池田市
33%
27205 吹田市
33%
27206 泉大津市
33%
27209 守口市
33%
27210 枚方市
33%
27211 茨木市
33%
27213 泉佐野市
33%
27214 富田林市
33%
27215 寝屋川市
33%
27216 河内長野市
33%
27218 大東市
33%
27223 門真市
33%
27225 高石市
33%
27227 東大阪市
33%
27228 泉南市
33%
27230 交野市
33%
27232 阪南市
33%
28201 姫路市
33%
28202 尼崎市
33%
28203 明石市
33%
28213 西脇市
33%
28217 川西市
33%
28219 三田市
33%
31201 鳥取市
33%
33201 岡山市
33%
33202 倉敷市
33%
33204 玉野市
33%
34213 廿日市市
33%
35201 下関市
33%
35202 宇部市
33%
35204 萩市
33%
35212 柳井市
33%
36202 鳴門市
33%
36204 阿南市
33%
37203 坂出市
33%
37204 善通寺市
33%
37205 観音寺市
33%
38202 今治市
33%
38203 宇和島市
33%
38204 八幡浜市
33%
38205 新居浜市
33%
38210 伊予市
33%
39203 安芸市
33%
39205 土佐市
33%
40203 久留米市
33%
40221 太宰府市
33%
42201 長崎市
33%
42203 島原市
33%
42205 大村市
33%
43201 熊本市
33%
44201 大分市
33%
44202 別府市
33%
01215 美唄市
25%
01305 厚田郡厚田村
25%
01306 浜益郡浜益村
25%
01334 上磯郡木古内町
25%
01335 上磯郡上磯町
25%
01336 亀田郡大野町
25%
01339 亀田郡戸井町
25%
01340 亀田郡恵山町
25%
01341 亀田郡椴法華村
25%
01342 茅部郡南茅部町
25%
01343 茅部郡鹿部町
25%
01345 茅部郡森町
25%
01395 虻田郡ニセコ町
25%
01407 余市郡仁木町
25%
01408 余市郡余市町
25%
01409 余市郡赤井川村
25%
01487 天塩郡天塩町
25%
01662 厚岸郡厚岸町
25%
01691 野付郡別海町
25%
02206 十和田市
25%
02207 三沢市
25%
03205 花巻市
25%
04101 仙台市青葉区
25%
04102 仙台市宮城野区
25%
04105 仙台市泉区
25%
04203 塩竈市
25%
04204 古川市
25%
05201 秋田市
25%
05202 能代市
25%
05204 大館市
25%
05209 鹿角市
25%
06202 米沢市
25%
06203 鶴岡市
25%
06204 酒田市
25%
06205 新庄市
25%
06206 寒河江市
25%
06207 上山市
25%
06208 村山市
25%
06209 長井市
25%
06210 天童市
25%
06213 南陽市
25%
07201 福島市
25%
07202 会津若松市
25%
07204 いわき市
25%
07205 白河市
25%
07209 相馬市
25%
07210 二本松市
25%
08204 古河市
25%
08205 石岡市
25%
08210 下妻市
25%
08214 高萩市
25%
09203 栃木市
25%
09204 佐野市
25%
09205 鹿沼市
25%
09208 小山市
25%
09209 真岡市
25%
09212 黒磯市
25%
10201 前橋市
25%
10202 高崎市
25%
10203 桐生市
25%
10204 伊勢崎市
25%
10206 沼田市
25%
10208 渋川市
25%
10209 藤岡市
25%
10210 富岡市
25%
11201 川越市
25%
11202 熊谷市
25%
11203 川口市
25%
11206 行田市
25%
11209 飯能市
25%
11210 加須市
25%
11211 本庄市
25%
11212 東松山市
25%
11214 春日部市
25%
11215 狭山市
25%
11216 羽生市
25%
11218 深谷市
25%
11219 上尾市
25%
11221 草加市
25%
11222 越谷市
25%
11225 入間市
25%
11227 朝霞市
25%
11229 和光市
25%
11230 新座市
25%
11231 桶川市
25%
11234 八潮市
25%
11235 富士見市
25%
11237 三郷市
25%
11242 日高市
25%
12102 千葉市花見川区
25%
12202 銚子市
25%
12203 市川市
25%
12204 船橋市
25%
12205 館山市
25%
12206 木更津市
25%
12207 松戸市
25%
12208 野田市
25%
12210 茂原市
25%
12211 成田市
25%
12212 佐倉市
25%
12215 旭市
25%
12216 習志野市
25%
12217 柏市
25%
12218 勝浦市
25%
12219 市原市
25%
12220 流山市
25%
12222 我孫子市
25%
12223 鴨川市
25%
12224 鎌ケ谷市
25%
12225 君津市
25%
12227 浦安市
25%
12231 印西市
25%
13105 文京区
25%
13106 台東区
25%
13109 品川区
25%
13112 世田谷区
25%
13113 渋谷区
25%
13114 中野区
25%
13122 葛飾区
25%
13201 八王子市
25%
13208 調布市
25%
13212 日野市
25%
13213 東村山市
25%
13401 八丈町
25%
14201 横須賀市
25%
14203 平塚市
25%
14205 藤沢市
25%
14209 相模原市
25%
14212 厚木市
25%
14213 大和市
25%
14214 伊勢原市
25%
15202 長岡市
25%
15204 三条市
25%
15205 柏崎市
25%
15206 新発田市
25%
15208 小千谷市
25%
15210 十日町市
25%
15211 見附市
25%
15212 村上市
25%
15213 燕市
25%
15215 栃尾市
25%
15218 五泉市
25%
15220 白根市
25%
15222 上越市
25%
16201 富山市
25%
16202 高岡市
25%
16204 魚津市
25%
16205 氷見市
25%
16207 黒部市
25%
16208 砺波市
25%
16209 小矢部市
25%
17201 金沢市
25%
17202 七尾市
25%
17203 小松市
25%
17206 加賀市
25%
17207 羽咋市
25%
17208 松任市
25%
18203 武生市
25%
18206 勝山市
25%
19202 富士吉田市
25%
19203 塩山市
25%
19204 都留市
25%
20203 上田市
25%
20204 岡谷市
25%
20205 飯田市
25%
20206 諏訪市
25%
20208 小諸市
25%
20210 駒ヶ根市
25%
20211 中野市
25%
20212 大町市
25%
20213 飯山市
25%
20215 塩尻市
25%
20216 更埴市
25%
21302 羽島郡岐南町
25%
21303 羽島郡笠松町
25%
21304 羽島郡柳津町
25%
21322 海津郡平田町
25%
21323 海津郡南濃町
25%
21341 養老郡養老町
25%
21342 養老郡上石津町
25%
21361 不破郡垂井町
25%
21362 不破郡関ケ原町
25%
21381 安八郡神戸町
25%
21383 安八郡安八町
25%
21384 安八郡墨俣町
25%
21401 揖斐郡揖斐川町
25%
21403 揖斐郡大野町
25%
21407 揖斐郡藤橋村
25%
21421 本巣郡北方町
25%
21422 本巣郡本巣町
25%
21424 本巣郡巣南町
25%
21425 本巣郡真正町
25%
21426 本巣郡糸貫町
25%
21427 本巣郡根尾村
25%
21481 郡上郡八幡町
25%
21483 郡上郡白鳥町
25%
21485 郡上郡美並村
25%
21501 加茂郡坂祝町
25%
21502 加茂郡富加町
25%
21503 加茂郡川辺町
25%
21504 加茂郡七宗町
25%
21505 加茂郡八百津町
25%
21506 加茂郡白川町
25%
21507 加茂郡東白川村
25%
21521 可児郡御嵩町
25%
21523 可児郡兼山町
25%
21582 益田郡小坂町
25%
21583 益田郡下呂町
25%
21604 大野郡白川村
25%
22201 静岡市
25%
22202 浜松市
25%
22203 沼津市
25%
22205 熱海市
25%
22206 三島市
25%
22207 富士宮市
25%
22208 伊東市
25%
22209 島田市
25%
22210 富士市
25%
22211 磐田市
25%
22212 焼津市
25%
22213 掛川市
25%
22214 藤枝市
25%
22215 御殿場市
25%
22216 袋井市
25%
22219 下田市
25%
22220 裾野市
25%
22221 湖西市
25%
23101 名古屋市千種区
25%
23102 名古屋市東区
25%
23104 名古屋市西区
25%
23105 名古屋市中村区
25%
23106 名古屋市中区
25%
23108 名古屋市瑞穂区
25%
23109 名古屋市熱田区
25%
23110 名古屋市中川区
25%
23111 名古屋市港区
25%
23114 名古屋市緑区
25%
23115 名古屋市名東区
25%
23116 名古屋市天白区
25%
23210 刈谷市
25%
23211 豊田市
25%
23213 西尾市
25%
23216 常滑市
25%
23218 尾西市
25%
23220 稲沢市
25%
23221 新城市
25%
23222 東海市
25%
23223 大府市
25%
23227 高浜市
25%
23230 日進市
25%
23441 知多郡阿久比町
25%
23445 知多郡南知多町
25%
24302 桑名郡長島町
25%
24342 三重郡楠町
25%
25202 彦根市
25%
25203 長浜市
25%
25205 八日市市
25%
26102 京都市上京区
25%
26109 京都市伏見区
25%
26110 京都市山科区
25%
26203 綾部市
25%
26205 宮津市
25%
27103 大阪市福島区
25%
27104 大阪市此花区
25%
27108 大阪市大正区
25%
27109 大阪市天王寺区
25%
27123 大阪市淀川区
25%
27124 大阪市鶴見区
25%
27128 大阪市中央区
25%
27208 貝塚市
25%
27219 和泉市
25%
27220 箕面市
25%
27221 柏原市
25%
27222 羽曳野市
25%
27224 摂津市
25%
27229 四條畷市
25%
27231 大阪狭山市
25%
28101 神戸市東灘区
25%
28102 神戸市灘区
25%
28105 神戸市兵庫区
25%
28107 神戸市須磨区
25%
28109 神戸市北区
25%
28204 西宮市
25%
28206 芦屋市
25%
28207 伊丹市
25%
28208 相生市
25%
28210 加古川市
25%
28212 赤穂市
25%
28214 宝塚市
25%
28216 高砂市
25%
29202 大和高田市
25%
29203 大和郡山市
25%
30206 田辺市
25%
31202 米子市
25%
31203 倉吉市
25%
31204 境港市
25%
32201 松江市
25%
32202 浜田市
25%
32203 出雲市
25%
32204 益田市
25%
32205 大田市
25%
32206 安来市
25%
32207 江津市
25%
33203 津山市
25%
33205 笠岡市
25%
33208 総社市
25%
33210 新見市
25%
34101 広島市中区
25%
34104 広島市西区
25%
34105 広島市安佐南区
25%
34107 広島市安芸区
25%
34202 呉市
25%
34203 竹原市
25%
34204 三原市
25%
34205 尾道市
25%
34207 福山市
25%
34209 三次市
25%
34211 大竹市
25%
34212 東広島市
25%
35203 山口市
25%
35205 徳山市
25%
35206 防府市
25%
35207 下松市
25%
35208 岩国市
25%
35209 小野田市
25%
35210 光市
25%
35211 長門市
25%
35213 美祢市
25%
35214 新南陽市
25%
36203 小松島市
25%
37202 丸亀市
25%
38206 西条市
25%
38207 大洲市
25%
38209 伊予三島市
25%
38211 北条市
25%
38212 東予市
25%
39201 高知市
25%
39202 室戸市
25%
39204 南国市
25%
39206 須崎市
25%
39208 宿毛市
25%
39209 土佐清水市
25%
40101 北九州市門司区
25%
40103 北九州市若松区
25%
40105 北九州市戸畑区
25%
40106 北九州市小倉北区
25%
40107 北九州市小倉南区
25%
40108 北九州市八幡東区
25%
40109 北九州市八幡西区
25%
40131 福岡市東区
25%
40132 福岡市博多区
25%
40133 福岡市中央区
25%
40135 福岡市西区
25%
40202 大牟田市
25%
40213 行橋市
25%
40214 豊前市
25%
40215 中間市
25%
40219 大野城市
25%
40223 古賀市
25%
41201 佐賀市
25%
41202 唐津市
25%
41203 鳥栖市
25%
41204 多久市
25%
41206 武雄市
25%
41207 鹿島市
25%
43202 八代市
25%
43204 荒尾市
25%
43205 水俣市
25%
43211 宇土市
25%
44203 中津市
25%
44205 佐伯市
25%
44208 竹田市
25%
44209 豊後高田市
25%
45202 都城市
25%
45205 小林市
25%
46203 鹿屋市
25%
01304 石狩郡新篠津村
17%
01332 松前郡福島町
17%
01333 上磯郡知内町
17%
01344 茅部郡砂原町
17%
01346 山越郡八雲町
17%
01347 山越郡長万部町
17%
01361 檜山郡江差町
17%
01362 檜山郡上ノ国町
17%
01363 檜山郡厚沢部町
17%
01364 爾志郡乙部町
17%
01365 爾志郡熊石町
17%
01366 久遠郡大成町
17%
01368 瀬棚郡瀬棚町
17%
01369 瀬棚郡北檜山町
17%
01370 瀬棚郡今金町
17%
01391 島牧郡島牧村
17%
01392 寿都郡寿都町
17%
01396 虻田郡真狩村
17%
01397 虻田郡留寿都村
17%
01398 虻田郡喜茂別町
17%
01399 虻田郡京極町
17%
01400 虻田郡倶知安町
17%
01401 岩内郡共和町
17%
01402 岩内郡岩内町
17%
01403 古宇郡泊村
17%
01404 古宇郡神恵内村
17%
01405 積丹郡積丹町
17%
01406 古平郡古平町
17%
01431 樺戸郡浦臼町
17%
01436 雨竜郡雨竜町
17%
01454 上川郡当麻町
17%
01455 上川郡比布町
17%
01456 上川郡愛別町
17%
01457 上川郡上川町
17%
01464 上川郡和寒町
17%
01482 留萌郡小平町
17%
01545 斜里郡斜里町
17%
01547 斜里郡小清水町
17%
01555 紋別郡遠軽町
17%
01572 虻田郡虻田町
17%
01637 河西郡芽室町
17%
01638 河西郡中札内村
17%
01639 河西郡更別村
17%
01649 十勝郡浦幌町
17%
01661 釧路郡釧路町
17%
01663 厚岸郡浜中町
17%
01664 川上郡標茶町
17%
01666 阿寒郡阿寒町
17%
01667 阿寒郡鶴居村
17%
01668 白糠郡白糠町
17%
01669 白糠郡音別町
17%
01694 目梨郡羅臼町
17%
01696 国後郡泊村
17%
01699 紗那郡紗那村
17%
01700 蘂取郡蘂取村
17%
02411 上北郡六ヶ所村
17%
02423 下北郡大間町
17%
03303 岩手郡岩手町
17%
03305 岩手郡滝沢村
17%
04103 仙台市若林区
17%
04104 仙台市太白区
17%
04542 登米郡登米町
17%
04562 桃生郡矢本町
17%
05203 横手市
17%
05205 本荘市
17%
05207 湯沢市
17%
06211 東根市
17%
06212 尾花沢市
17%
07206 原町市
17%
07207 須賀川市
17%
07527 田村郡船引町
17%
08201 水戸市
17%
08202 日立市
17%
08203 土浦市
17%
08207 結城市
17%
08211 水海道市
17%
08212 常陸太田市
17%
08215 北茨城市
17%
08216 笠間市
17%
08217 取手市
17%
08219 牛久市
17%
08220 つくば市
17%
08222 鹿嶋市
17%
09206 日光市
17%
09211 矢板市
17%
10207 館林市
17%
11213 岩槻市
17%
11217 鴻巣市
17%
11223 蕨市
17%
11226 鳩ケ谷市
17%
11233 北本市
17%
11238 蓮田市
17%
11239 坂戸市
17%
11241 鶴ヶ島市
17%
11243 吉川市
17%
12101 千葉市中央区
17%
12105 千葉市緑区
17%
12106 千葉市美浜区
17%
12213 東金市
17%
12221 八千代市
17%
12226 富津市
17%
12228 四街道市
17%
12230 八街市
17%
13101 千代田区
17%
13110 目黒区
17%
13111 大田区
17%
13115 杉並区
17%
13116 豊島区
17%
13117 北区
17%
13119 板橋区
17%
13120 練馬区
17%
13204 三鷹市
17%
13209 町田市
17%
13216 田無市
17%
13217 保谷市
17%
13219 狛江市
17%
13220 東大和市
17%
13221 清瀬市
17%
13223 武蔵村山市
17%
13224 多摩市
17%
13228 あきる野市
17%
13363 新島村
17%
13381 三宅村
17%
13382 御蔵島村
17%
13421 小笠原村
17%
14204 鎌倉市
17%
14206 小田原市
17%
14207 茅ヶ崎市
17%
14208 逗子市
17%
14210 三浦市
17%
14211 秦野市
17%
14215 海老名市
17%
15207 新津市
17%
15216 糸魚川市
17%
15219 両津市
17%
15221 豊栄市
17%
16203 新湊市
17%
16206 滑川市
17%
20209 伊那市
17%
20217 佐久市
17%
21301 羽島郡川島町
17%
21382 安八郡輪之内町
17%
21402 揖斐郡谷汲村
17%
21404 揖斐郡池田町
17%
21405 揖斐郡春日村
17%
21423 本巣郡穂積町
17%
21464 武儀郡武儀町
17%
21482 郡上郡大和町
17%
21484 郡上郡高鷲村
17%
21486 郡上郡明宝村
17%
21487 郡上郡和良村
17%
21569 恵那郡明智町
17%
21581 益田郡萩原町
17%
21584 益田郡金山町
17%
21585 益田郡馬瀬村
17%
21606 大野郡久々野町
17%
22217 天竜市
17%
22218 浜北市
17%
23103 名古屋市北区
17%
23107 名古屋市昭和区
17%
23112 名古屋市南区
17%
23113 名古屋市守山区
17%
23302 愛知郡東郷町
17%
23304 愛知郡長久手町
17%
23442 知多郡東浦町
17%
23446 知多郡美浜町
17%
23447 知多郡武豊町
17%
23621 渥美郡田原町
17%
23622 渥美郡赤羽根町
17%
23623 渥美郡渥美町
17%
24325 員弁郡藤原町
17%
24384 安芸郡安濃町
17%
24403 一志郡一志町
17%
24441 多気郡多気町
17%
24461 度会郡玉城町
17%
24470 度会郡度会町
17%
24483 阿山郡阿山町
17%
24521 志摩郡浜島町
17%
24522 志摩郡大王町
17%
24523 志摩郡志摩町
17%
24525 志摩郡磯部町
17%
25207 守山市
17%
25342 野洲郡中主町
17%
25343 野洲郡野洲町
17%
25382 蒲生郡蒲生町
17%
25441 犬上郡豊郷町
17%
25521 高島郡マキノ町
17%
25522 高島郡今津町
17%
25523 高島郡朽木村
17%
25525 高島郡高島町
17%
26101 京都市北区
17%
26106 京都市下京区
17%
26111 京都市西京区
17%
27102 大阪市都島区
17%
27106 大阪市西区
17%
27107 大阪市港区
17%
27111 大阪市浪速区
17%
27117 大阪市旭区
17%
27118 大阪市城東区
17%
27119 大阪市阿倍野区
17%
27121 大阪市東住吉区
17%
27126 大阪市平野区
17%
27127 大阪市北区
17%
27212 八尾市
17%
27217 松原市
17%
27226 藤井寺市
17%
27301 三島郡島本町
17%
28108 神戸市垂水区
17%
28110 神戸市中央区
17%
28205 洲本市
17%
28209 豊岡市
17%
28211 龍野市
17%
28220 加西市
17%
29201 奈良市
17%
29204 天理市
17%
29205 橿原市
17%
29209 生駒市
17%
30201 和歌山市
17%
30202 海南市
17%
30203 橋本市
17%
30207 新宮市
17%
33207 井原市
17%
33209 高梁市
17%
33211 備前市
17%
34102 広島市東区
17%
34103 広島市南区
17%
34106 広島市安佐北区
17%
34108 広島市佐伯区
17%
34206 因島市
17%
34210 庄原市
17%
37322 小豆郡土庄町
17%
37364 香川郡直島町
17%
37381 綾歌郡綾上町
17%
37382 綾歌郡綾南町
17%
37384 綾歌郡綾歌町
17%
37402 仲多度郡満濃町
17%
37403 仲多度郡琴平町
17%
37404 仲多度郡多度津町
17%
38208 川之江市
17%
39207 中村市
17%
40134 福岡市南区
17%
40136 福岡市城南区
17%
40137 福岡市早良区
17%
40204 直方市
17%
40205 飯塚市
17%
40206 田川市
17%
40207 柳川市
17%
40208 山田市
17%
40210 八女市
17%
40212 大川市
17%
40216 小郡市
17%
40218 春日市
17%
40222 前原市
17%
41205 伊万里市
17%
42206 福江市
17%
42207 平戸市
17%
42208 松浦市
17%
43203 人吉市
17%
43206 玉名市
17%
43207 本渡市
17%
43209 牛深市
17%
44204 日田市
17%
44206 臼杵市
17%
44210 杵築市
17%
44211 宇佐市
17%
45201 宮崎市
17%
45203 延岡市
17%
45206 日向市
17%
45207 串間市
17%
45209 えびの市
17%
46201 鹿児島市
17%
46202 川内市
17%
46206 阿久根市
17%
46207 名瀬市
17%
46208 出水市
17%
47206 平良市
17%
01303 石狩郡当別町
8%
01367 奥尻郡奥尻町
8%
01393 寿都郡黒松内町
8%
01394 磯谷郡蘭越町
8%
01421 空知郡北村
8%
01422 空知郡栗沢町
8%
01423 空知郡南幌町
8%
01424 空知郡奈井江町
8%
01425 空知郡上砂川町
8%
01427 夕張郡由仁町
8%
01428 夕張郡長沼町
8%
01429 夕張郡栗山町
8%
01430 樺戸郡月形町
8%
01432 樺戸郡新十津川町
8%
01433 雨竜郡妹背牛町
8%
01434 雨竜郡秩父別町
8%
01437 雨竜郡北竜町
8%
01438 雨竜郡沼田町
8%
01439 雨竜郡幌加内町
8%
01452 上川郡鷹栖町
8%
01453 上川郡東神楽町
8%
01458 上川郡東川町
8%
01459 上川郡美瑛町
8%
01460 空知郡上富良野町
8%
01461 空知郡中富良野町
8%
01462 空知郡南富良野町
8%
01463 勇払郡占冠村
8%
01465 上川郡剣淵町
8%
01466 上川郡朝日町
8%
01467 上川郡風連町
8%
01468 上川郡下川町
8%
01469 中川郡美深町
8%
01470 中川郡音威子府村
8%
01471 中川郡中川町
8%
01481 増毛郡増毛町
8%
01483 苫前郡苫前町
8%
01484 苫前郡羽幌町
8%
01485 苫前郡初山別村
8%
01486 天塩郡遠別町
8%
01488 天塩郡幌延町
8%
01511 宗谷郡猿払村
8%
01512 枝幸郡浜頓別町
8%
01513 枝幸郡中頓別町
8%
01514 枝幸郡枝幸町
8%
01515 枝幸郡歌登町
8%
01516 天塩郡豊富町
8%
01517 礼文郡礼文町
8%
01518 利尻郡利尻町
8%
01519 利尻郡利尻富士町
8%
01541 網走郡東藻琴村
8%
01542 網走郡女満別町
8%
01543 網走郡美幌町
8%
01544 網走郡津別町
8%
01546 斜里郡清里町
8%
01548 常呂郡端野町
8%
01549 常呂郡訓子府町
8%
01550 常呂郡置戸町
8%
01551 常呂郡留辺蘂町
8%
01552 常呂郡佐呂間町
8%
01553 常呂郡常呂町
8%
01554 紋別郡生田原町
8%
01556 紋別郡丸瀬布町
8%
01557 紋別郡白滝村
8%
01558 紋別郡上湧別町
8%
01559 紋別郡湧別町
8%
01560 紋別郡滝上町
8%
01561 紋別郡興部町
8%
01562 紋別郡西興部村
8%
01563 紋別郡雄武町
8%
01571 虻田郡豊浦町
8%
01573 虻田郡洞爺村
8%
01574 有珠郡大滝村
8%
01575 有珠郡壮瞥町
8%
01578 白老郡白老町
8%
01579 勇払郡早来町
8%
01580 勇払郡追分町
8%
01581 勇払郡厚真町
8%
01582 勇払郡鵡川町
8%
01583 勇払郡穂別町
8%
01601 沙流郡日高町
8%
01602 沙流郡平取町
8%
01603 沙流郡門別町
8%
01604 新冠郡新冠町
8%
01605 静内郡静内町
8%
01606 三石郡三石町
8%
01607 浦河郡浦河町
8%
01608 様似郡様似町
8%
01609 幌泉郡えりも町
8%
01631 河東郡音更町
8%
01632 河東郡士幌町
8%
01633 河東郡上士幌町
8%
01634 河東郡鹿追町
8%
01635 上川郡新得町
8%
01636 上川郡清水町
8%
01640 広尾郡忠類村
8%
01641 広尾郡大樹町
8%
01642 広尾郡広尾町
8%
01643 中川郡幕別町
8%
01644 中川郡池田町
8%
01645 中川郡豊頃町
8%
01646 中川郡本別町
8%
01647 足寄郡足寄町
8%
01648 足寄郡陸別町
8%
01665 川上郡弟子屈町
8%
01692 標津郡中標津町
8%
01693 標津郡標津町
8%
01695 色丹郡色丹村
8%
01697 国後郡留夜別村
8%
01698 択捉郡留別村
8%
02301 東津軽郡平内町
8%
02302 東津軽郡蟹田町
8%
02304 東津軽郡蓬田村
8%
02305 東津軽郡平舘村
8%
02306 東津軽郡三厩村
8%
02321 西津軽郡鰺ヶ沢町
8%
02322 西津軽郡木造町
8%
02323 西津軽郡深浦町
8%
02324 西津軽郡森田村
8%
02325 西津軽郡岩崎村
8%
02326 西津軽郡柏村
8%
02328 西津軽郡車力村
8%
02341 中津軽郡岩木町
8%
02343 中津軽郡西目屋村
8%
02361 南津軽郡藤崎町
8%
02363 南津軽郡尾上町
8%
02364 南津軽郡浪岡町
8%
02365 南津軽郡平賀町
8%
02366 南津軽郡常盤村
8%
02367 南津軽郡田舎館村
8%
02368 南津軽郡碇ケ関村
8%
02381 北津軽郡板柳町
8%
02382 北津軽郡金木町
8%
02383 北津軽郡中里町
8%
02384 北津軽郡鶴田町
8%
02385 北津軽郡市浦村
8%
02386 北津軽郡小泊村
8%
02401 上北郡野辺地町
8%
02402 上北郡七戸町
8%
02403 上北郡百石町
8%
02404 上北郡十和田湖町
8%
02405 上北郡六戸町
8%
02406 上北郡横浜町
8%
02407 上北郡上北町
8%
02408 上北郡東北町
8%
02410 上北郡下田町
8%
02424 下北郡東通村
8%
02425 下北郡風間浦村
8%
02426 下北郡佐井村
8%
02441 三戸郡三戸町
8%
02442 三戸郡五戸町
8%
02443 三戸郡田子町
8%
02445 三戸郡南部町
8%
02446 三戸郡階上町
8%
02447 三戸郡福地村
8%
02450 三戸郡新郷村
8%
03301 岩手郡雫石町
8%
03302 岩手郡葛巻町
8%
03304 岩手郡西根町
8%
03307 岩手郡玉山村
8%
03321 紫波郡紫波町
8%
03322 紫波郡矢巾町
8%
03363 和賀郡湯田町
8%
03365 和賀郡沢内村
8%
03381 胆沢郡金ケ崎町
8%
03383 胆沢郡胆沢町
8%
03401 西磐井郡花泉町
8%
03402 西磐井郡平泉町
8%
03423 東磐井郡千厩町
8%
03461 上閉伊郡大槌町
8%
03481 下閉伊郡田老町
8%
03482 下閉伊郡山田町
8%
03483 下閉伊郡岩泉町
8%
03485 下閉伊郡普代村
8%
03486 下閉伊郡新里村
8%
03501 九戸郡軽米町
8%
03502 九戸郡種市町
8%
03503 九戸郡野田村
8%
03505 九戸郡大野村
8%
03506 九戸郡九戸村
8%
03524 二戸郡一戸町
8%
04208 角田市
8%
04361 亘理郡亘理町
8%
04362 亘理郡山元町
8%
04401 宮城郡松島町
8%
04404 宮城郡七ヶ浜町
8%
04406 宮城郡利府町
8%
04421 黒川郡大和町
8%
04422 黒川郡大郷町
8%
04423 黒川郡富谷町
8%
04424 黒川郡大衡村
8%
04442 加美郡小野田町
8%
04444 加美郡色麻町
8%
04501 遠田郡涌谷町
8%
04503 遠田郡小牛田町
8%
04521 栗原郡築館町
8%
04522 栗原郡若柳町
8%
04525 栗原郡一迫町
8%
04526 栗原郡瀬峰町
8%
04527 栗原郡鶯沢町
8%
04529 栗原郡志波姫町
8%
04530 栗原郡花山村
8%
04541 登米郡迫町
8%
04565 桃生郡桃生町
8%
04566 桃生郡鳴瀬町
8%
04581 牡鹿郡女川町
8%
04582 牡鹿郡牡鹿町
8%
04601 本吉郡志津川町
8%
04603 本吉郡本吉町
8%
04605 本吉郡歌津町
8%
05208 大曲市
8%
05341 山本郡琴丘町
8%
05343 山本郡八森町
8%
05344 山本郡山本町
8%
05345 山本郡八竜町
8%
05347 山本郡峰浜村
8%
05426 仙北郡田沢湖町
8%
05429 仙北郡仙北町
8%
07361 南会津郡田島町
8%
07381 北会津郡北会津村
8%
07401 耶麻郡熱塩加納村
8%
07403 耶麻郡塩川町
8%
07521 田村郡三春町
8%
07524 田村郡大越町
8%
07562 相馬郡鹿島町
8%
07563 相馬郡小高町
8%
08206 下館市
8%
08208 龍ケ崎市
8%
08218 岩井市
8%
08221 ひたちなか市
8%
08302 東茨城郡茨城町
8%
08309 東茨城郡大洗町
8%
08546 猿島郡境町
8%
09207 今市市
8%
09210 大田原市
8%
09301 河内郡上三川町
8%
09345 芳賀郡芳賀町
8%
09384 塩谷郡塩谷町
8%
09407 那須郡那須町
8%
10211 安中市
8%
10521 邑楽郡板倉町
8%
10524 邑楽郡大泉町
8%
10525 邑楽郡邑楽町
8%
11208 所沢市
8%
11228 志木市
8%
11232 久喜市
8%
11236 上福岡市
8%
11240 幸手市
8%
11324 入間郡三芳町
8%
11326 入間郡毛呂山町
8%
11330 入間郡名栗村
8%
11341 比企郡滑川町
8%
11342 比企郡嵐山町
8%
11343 比企郡小川町
8%
11346 比企郡川島町
8%
11362 秩父郡皆野町
8%
11363 秩父郡長瀞町
8%
11365 秩父郡小鹿野町
8%
11401 大里郡大里村
8%
12103 千葉市稲毛区
8%
12214 八日市場市
8%
12229 袖ケ浦市
8%
12303 東葛飾郡関宿町
8%
12405 山武郡山武町
8%
13107 墨田区
8%
13203 武蔵野市
8%
13205 青梅市
8%
13210 小金井市
8%
13211 小平市
8%
13214 国分寺市
8%
13215 国立市
8%
13218 福生市
8%
13222 東久留米市
8%
13225 稲城市
8%
13227 羽村市
8%
13361 大島町
8%
13362 利島村
8%
13364 神津島村
8%
13402 青ヶ島村
8%
14101 横浜市鶴見区
8%
14102 横浜市神奈川区
8%
14103 横浜市西区
8%
14104 横浜市中区
8%
14106 横浜市保土ケ谷区
8%
14107 横浜市磯子区
8%
14108 横浜市金沢区
8%
14109 横浜市港北区
8%
14110 横浜市戸塚区
8%
14111 横浜市港南区
8%
14112 横浜市旭区
8%
14113 横浜市緑区
8%
14118 横浜市都筑区
8%
14131 川崎市川崎区
8%
14133 川崎市中原区
8%
14134 川崎市高津区
8%
14135 川崎市多摩区
8%
14137 川崎市麻生区
8%
14216 座間市
8%
14217 南足柄市
8%
15217 新井市
8%
15345 西蒲原郡巻町
8%
15405 三島郡出雲崎町
8%
15406 三島郡寺泊町
8%
15504 刈羽郡刈羽村
8%
17324 能美郡川北町
8%
17362 河北郡高松町
8%
17364 河北郡宇ノ気町
8%
17403 鹿島郡中島町
8%
17404 鹿島郡鹿島町
8%
17405 鹿島郡能登島町
8%
17421 鳳至郡穴水町
8%
17423 鳳至郡能都町
8%
18321 吉田郡松岡町
8%
18322 吉田郡永平寺町
8%
18323 吉田郡上志比村
8%
18361 坂井郡三国町
8%
18362 坂井郡芦原町
8%
18364 坂井郡丸岡町
8%
18381 今立郡今立町
8%
18382 今立郡池田町
8%
18401 南条郡南条町
8%
18402 南条郡今庄町
8%
18441 三方郡三方町
8%
18442 三方郡美浜町
8%
18461 遠敷郡上中町
8%
18462 遠敷郡名田庄村
8%
18481 大飯郡高浜町
8%
18482 大飯郡大飯町
8%
19301 東山梨郡春日居町
8%
19304 東山梨郡勝沼町
8%
19321 東八代郡石和町
8%
19362 南巨摩郡鰍沢町
8%
19364 南巨摩郡早川町
8%
19365 南巨摩郡身延町
8%
19366 南巨摩郡南部町
8%
19367 南巨摩郡富沢町
8%
19381 中巨摩郡竜王町
8%
19382 中巨摩郡敷島町
8%
19386 中巨摩郡八田村
8%
19387 中巨摩郡白根町
8%
19388 中巨摩郡芦安村
8%
19389 中巨摩郡若草町
8%
19390 中巨摩郡櫛形町
8%
19391 中巨摩郡甲西町
8%
19401 北巨摩郡双葉町
8%
19409 北巨摩郡武川村
8%
19421 南都留郡秋山村
8%
19441 北都留郡上野原町
8%
20384 上伊那郡飯島町
8%
20388 上伊那郡宮田村
8%
21406 揖斐郡久瀬村
8%
21408 揖斐郡坂内村
8%
21441 山県郡高富町
8%
21442 山県郡伊自良村
8%
21443 山県郡美山町
8%
21461 武儀郡洞戸村
8%
21462 武儀郡板取村
8%
21463 武儀郡武芸川町
8%
21465 武儀郡上之保村
8%
21541 土岐郡笠原町
8%
21561 恵那郡坂下町
8%
21563 恵那郡加子母村
8%
21564 恵那郡付知町
8%
21565 恵那郡福岡町
8%
21566 恵那郡蛭川村
8%
21567 恵那郡岩村町
8%
21568 恵那郡山岡町
8%
21571 恵那郡上矢作町
8%
21601 大野郡丹生川村
8%
21602 大野郡清見村
8%
21603 大野郡荘川村
8%
21605 大野郡宮村
8%
21607 大野郡朝日村
8%
21608 大野郡高根村
8%
21621 吉城郡古川町
8%
21623 吉城郡河合村
8%
21624 吉城郡宮川村
8%
21625 吉城郡神岡町
8%
21626 吉城郡上宝村
8%
22301 賀茂郡東伊豆町
8%
22302 賀茂郡河津町
8%
22304 賀茂郡南伊豆町
8%
22305 賀茂郡松崎町
8%
22306 賀茂郡西伊豆町
8%
22307 賀茂郡賀茂村
8%
22381 庵原郡富士川町
8%
22382 庵原郡蒲原町
8%
22401 志太郡岡部町
8%
23341 西春日井郡西枇杷島町
8%
23342 西春日井郡豊山町
8%
23343 西春日井郡師勝町
8%
23344 西春日井郡西春町
8%
23345 西春日井郡春日町
8%
23346 西春日井郡清洲町
8%
23347 西春日井郡新川町
8%
23381 葉栗郡木曽川町
8%
23401 中島郡祖父江町
8%
23402 中島郡平和町
8%
23421 海部郡七宝町
8%
23422 海部郡美和町
8%
23423 海部郡甚目寺町
8%
23424 海部郡大治町
8%
23425 海部郡蟹江町
8%
23426 海部郡十四山村
8%
23427 海部郡飛島村
8%
23428 海部郡弥富町
8%
23429 海部郡佐屋町
8%
23430 海部郡立田村
8%
23431 海部郡八開村
8%
23432 海部郡佐織町
8%
23483 幡豆郡幡豆町
8%
23501 額田郡幸田町
8%
23521 西加茂郡三好町
8%
23541 東加茂郡足助町
8%
23561 北設楽郡設楽町
8%
23562 北設楽郡東栄町
8%
23563 北設楽郡豊根村
8%
23564 北設楽郡富山村
8%
24361 鈴鹿郡関町
8%
24381 安芸郡河芸町
8%
24382 安芸郡芸濃町
8%
24383 安芸郡美里村
8%
24402 一志郡香良洲町
8%
24404 一志郡白山町
8%
24405 一志郡嬉野町
8%
24406 一志郡美杉村
8%
24407 一志郡三雲町
8%
24421 飯南郡飯南町
8%
24422 飯南郡飯高町
8%
24442 多気郡明和町
8%
24443 多気郡大台町
8%
24444 多気郡勢和村
8%
24445 多気郡宮川村
8%
24462 度会郡二見町
8%
24463 度会郡小俣町
8%
24464 度会郡南勢町
8%
24465 度会郡南島町
8%
24466 度会郡大宮町
8%
24467 度会郡紀勢町
8%
24468 度会郡御薗村
8%
24469 度会郡大内山村
8%
24481 阿山郡伊賀町
8%
24482 阿山郡島ヶ原村
8%
24484 阿山郡大山田村
8%
24501 名賀郡青山町
8%
24524 志摩郡阿児町
8%
24541 北牟婁郡紀伊長島町
8%
24542 北牟婁郡海山町
8%
24561 南牟婁郡御浜町
8%
24562 南牟婁郡紀宝町
8%
24563 南牟婁郡紀和町
8%
24564 南牟婁郡鵜殿村
8%
25301 滋賀郡志賀町
8%
25321 栗太郡栗東町
8%
25361 甲賀郡石部町
8%
25362 甲賀郡甲西町
8%
25363 甲賀郡水口町
8%
25364 甲賀郡土山町
8%
25365 甲賀郡甲賀町
8%
25366 甲賀郡甲南町
8%
25367 甲賀郡信楽町
8%
25381 蒲生郡安土町
8%
25383 蒲生郡日野町
8%
25384 蒲生郡竜王町
8%
25401 神崎郡永源寺町
8%
25402 神崎郡五個荘町
8%
25403 神崎郡能登川町
8%
25421 愛知郡愛東町
8%
25422 愛知郡湖東町
8%
25423 愛知郡秦荘町
8%
25424 愛知郡愛知川町
8%
25442 犬上郡甲良町
8%
25443 犬上郡多賀町
8%
25461 坂田郡山東町
8%
25462 坂田郡伊吹町
8%
25463 坂田郡米原町
8%
25464 坂田郡近江町
8%
25481 東浅井郡浅井町
8%
25482 東浅井郡虎姫町
8%
25483 東浅井郡湖北町
8%
25484 東浅井郡びわ町
8%
25501 伊香郡高月町
8%
25502 伊香郡木之本町
8%
25503 伊香郡余呉町
8%
25504 伊香郡西浅井町
8%
25524 高島郡安曇川町
8%
25526 高島郡新旭町
8%
26105 京都市東山区
8%
26107 京都市南区
8%
26303 乙訓郡大山崎町
8%
26322 久世郡久御山町
8%
26343 綴喜郡井手町
8%
26344 綴喜郡宇治田原町
8%
26361 相楽郡山城町
8%
26362 相楽郡木津町
8%
26363 相楽郡加茂町
8%
26364 相楽郡笠置町
8%
26365 相楽郡和束町
8%
26366 相楽郡精華町
8%
26367 相楽郡南山城村
8%
26381 北桑田郡京北町
8%
26382 北桑田郡美山町
8%
26401 船井郡園部町
8%
26402 船井郡八木町
8%
26403 船井郡丹波町
8%
26404 船井郡日吉町
8%
26406 船井郡和知町
8%
26421 天田郡三和町
8%
26422 天田郡夜久野町
8%
26441 加佐郡大江町
8%
26461 与謝郡加悦町
8%
26462 与謝郡岩滝町
8%
26463 与謝郡伊根町
8%
26464 与謝郡野田川町
8%
26481 中郡峰山町
8%
26482 中郡大宮町
8%
26501 竹野郡網野町
8%
26502 竹野郡丹後町
8%
26503 竹野郡弥栄町
8%
26521 熊野郡久美浜町
8%
27116 大阪市生野区
8%
27321 豊能郡豊能町
8%
27322 豊能郡能勢町
8%
27341 泉北郡忠岡町
8%
27361 泉南郡熊取町
8%
27362 泉南郡田尻町
8%
27366 泉南郡岬町
8%
27381 南河内郡太子町
8%
27382 南河内郡河南町
8%
27383 南河内郡千早赤阪村
8%
27385 南河内郡美原町
8%
28106 神戸市長田区
8%
28111 神戸市西区
8%
28215 三木市
8%
28218 小野市
8%
28301 川辺郡猪名川町
8%
28341 加東郡社町
8%
28342 加東郡滝野町
8%
28343 加東郡東条町
8%
28361 多可郡中町
8%
28362 多可郡加美町
8%
28363 多可郡八千代町
8%
28364 多可郡黒田庄町
8%
28421 飾磨郡家島町
8%
28441 神崎郡神崎町
8%
28442 神崎郡市川町
8%
28443 神崎郡福崎町
8%
28444 神崎郡香寺町
8%
28445 神崎郡大河内町
8%
28461 揖保郡新宮町
8%
28462 揖保郡揖保川町
8%
28463 揖保郡御津町
8%
28464 揖保郡太子町
8%
28481 赤穂郡上郡町
8%
28501 佐用郡佐用町
8%
28502 佐用郡上月町
8%
28503 佐用郡南光町
8%
28504 佐用郡三日月町
8%
28521 宍粟郡山崎町
8%
28522 宍粟郡安富町
8%
28523 宍粟郡一宮町
8%
28524 宍粟郡波賀町
8%
28525 宍粟郡千種町
8%
28541 城崎郡城崎町
8%
28542 城崎郡竹野町
8%
28544 城崎郡日高町
8%
28561 出石郡出石町
8%
28562 出石郡但東町
8%
28602 養父郡養父町
8%
28604 養父郡関宮町
8%
28621 朝来郡生野町
8%
28622 朝来郡和田山町
8%
28623 朝来郡山東町
8%
28624 朝来郡朝来町
8%
28661 多紀郡篠山町
8%
29206 桜井市
8%
29208 御所市
8%
29425 北葛城郡王寺町
8%
30204 有田市
8%
30205 御坊市
8%
30322 那賀郡粉河町
8%
30323 那賀郡那賀町
8%
31321 八頭郡郡家町
8%
31325 八頭郡若桜町
8%
31328 八頭郡智頭町
8%
31402 日野郡日野町
8%
32208 平田市
8%
32341 仁多郡仁多町
8%
34309 安芸郡坂町
8%
34366 山県郡千代田町
8%
34422 豊田郡安芸津町
8%
34463 世羅郡世羅西町
8%
34563 甲奴郡甲奴町
8%
35344 熊毛郡平生町
8%
35443 豊浦郡豊浦町
8%
35502 阿武郡阿武町
8%
35505 阿武郡むつみ村
8%
36321 名東郡佐那河内村
8%
36481 三好郡三野町
8%
36482 三好郡三好町
8%
36483 三好郡池田町
8%
36486 三好郡三加茂町
8%
37301 大川郡引田町
8%
37302 大川郡白鳥町
8%
37303 大川郡大内町
8%
37304 大川郡津田町
8%
37305 大川郡大川町
8%
37306 大川郡志度町
8%
37307 大川郡寒川町
8%
37308 大川郡長尾町
8%
37321 小豆郡内海町
8%
37341 木田郡三木町
8%
37342 木田郡牟礼町
8%
37343 木田郡庵治町
8%
37361 香川郡塩江町
8%
37362 香川郡香川町
8%
37363 香川郡香南町
8%
37383 綾歌郡国分寺町
8%
37385 綾歌郡飯山町
8%
37386 綾歌郡宇多津町
8%
37401 仲多度郡琴南町
8%
37405 仲多度郡仲南町
8%
37421 三豊郡高瀬町
8%
37422 三豊郡山本町
8%
37423 三豊郡三野町
8%
37424 三豊郡大野原町
8%
37425 三豊郡豊中町
8%
37426 三豊郡詫間町
8%
37427 三豊郡仁尾町
8%
37428 三豊郡豊浜町
8%
39307 安芸郡芸西村
8%
39321 香美郡赤岡町
8%
39322 香美郡香我美町
8%
39323 香美郡土佐山田町
8%
39324 香美郡野市町
8%
39325 香美郡夜須町
8%
39327 香美郡吉川村
8%
39381 吾川郡伊野町
8%
39384 吾川郡吾川村
8%
39385 吾川郡吾北村
8%
39410 高岡郡日高村
8%
40220 宗像市
8%
40561 山門郡瀬高町
8%
42321 東彼杵郡東彼杵町
8%
42322 東彼杵郡川棚町
8%
43208 山鹿市
8%
43210 菊池市
8%
43405 菊池郡合志町
8%
43407 菊池郡西合志町
8%
44207 津久見市
8%
44364 大分郡湯布院町
8%
45204 日南市
8%
45208 西都市
8%
46204 枕崎市
8%
46209 大口市
8%
46210 指宿市
8%
46213 西之表市
8%
46303 鹿児島郡三島村
8%
46304 鹿児島郡十島村
8%
47201 那覇市
8%
47205 宜野湾市
8%
47207 石垣市
8%
47208 浦添市
8%
47209 名護市
8%
47211 沖縄市
8%
47324 中頭郡読谷村
8%
47326 中頭郡北谷町
8%
47327 中頭郡北中城村
8%
47328 中頭郡中城村
8%
47357 島尻郡南大東村
8%
47358 島尻郡北大東村
8%
02303 東津軽郡今別町
0%
02327 西津軽郡稲垣村
0%
02342 中津軽郡相馬村
0%
02362 南津軽郡大鰐町
0%
02409 上北郡天間林村
0%
02421 下北郡川内町
0%
02422 下北郡大畑町
0%
02427 下北郡脇野沢村
0%
02444 三戸郡名川町
0%
02448 三戸郡南郷村
0%
02449 三戸郡倉石村
0%
03306 岩手郡松尾村
0%
03341 稗貫郡大迫町
0%
03342 稗貫郡石鳥谷町
0%
03361 和賀郡東和町
0%
03382 胆沢郡前沢町
0%
03384 胆沢郡衣川村
0%
03421 東磐井郡大東町
0%
03422 東磐井郡藤沢町
0%
03424 東磐井郡東山町
0%
03425 東磐井郡室根村
0%
03426 東磐井郡川崎村
0%
03441 気仙郡住田町
0%
03442 気仙郡三陸町
0%
03462 上閉伊郡宮守村
0%
03484 下閉伊郡田野畑村
0%
03487 下閉伊郡川井村
0%
03504 九戸郡山形村
0%
03521 二戸郡浄法寺町
0%
03523 二戸郡安代町
0%
04301 刈田郡蔵王町
0%
04302 刈田郡七ヶ宿町
0%
04321 柴田郡大河原町
0%
04322 柴田郡村田町
0%
04323 柴田郡柴田町
0%
04324 柴田郡川崎町
0%
04341 伊具郡丸森町
0%
04441 加美郡中新田町
0%
04443 加美郡宮崎町
0%
04461 志田郡松山町
0%
04462 志田郡三本木町
0%
04463 志田郡鹿島台町
0%
04481 玉造郡岩出山町
0%
04482 玉造郡鳴子町
0%
04502 遠田郡田尻町
0%
04504 遠田郡南郷町
0%
04523 栗原郡栗駒町
0%
04524 栗原郡高清水町
0%
04528 栗原郡金成町
0%
04543 登米郡東和町
0%
04544 登米郡中田町
0%
04545 登米郡豊里町
0%
04546 登米郡米山町
0%
04547 登米郡石越町
0%
04548 登米郡南方町
0%
04561 桃生郡河北町
0%
04563 桃生郡雄勝町
0%
04564 桃生郡河南町
0%
04567 桃生郡北上町
0%
04602 本吉郡津山町
0%
04604 本吉郡唐桑町
0%
05303 鹿角郡小坂町
0%
05321 北秋田郡鷹巣町
0%
05322 北秋田郡比内町
0%
05323 北秋田郡森吉町
0%
05324 北秋田郡阿仁町
0%
05325 北秋田郡田代町
0%
05326 北秋田郡合川町
0%
05327 北秋田郡上小阿仁村
0%
05342 山本郡二ツ井町
0%
05346 山本郡藤里町
0%
05361 南秋田郡五城目町
0%
05362 南秋田郡昭和町
0%
05363 南秋田郡八郎潟町
0%
05364 南秋田郡飯田川町
0%
05365 南秋田郡天王町
0%
05366 南秋田郡井川町
0%
05367 南秋田郡若美町
0%
05368 南秋田郡大潟村
0%
05381 河辺郡河辺町
0%
05382 河辺郡雄和町
0%
05401 由利郡仁賀保町
0%
05402 由利郡金浦町
0%
05403 由利郡象潟町
0%
05404 由利郡矢島町
0%
05405 由利郡岩城町
0%
05406 由利郡由利町
0%
05407 由利郡西目町
0%
05408 由利郡鳥海町
0%
05409 由利郡東由利町
0%
05410 由利郡大内町
0%
05421 仙北郡神岡町
0%
05422 仙北郡西仙北町
0%
05423 仙北郡角館町
0%
05424 仙北郡六郷町
0%
05425 仙北郡中仙町
0%
05427 仙北郡協和町
0%
05428 仙北郡南外村
0%
05430 仙北郡西木村
0%
05431 仙北郡太田町
0%
05432 仙北郡千畑町
0%
05433 仙北郡仙南村
0%
05441 平鹿郡増田町
0%
05442 平鹿郡平鹿町
0%
05443 平鹿郡雄物川町
0%
05444 平鹿郡大森町
0%
05445 平鹿郡十文字町
0%
05446 平鹿郡山内村
0%
05447 平鹿郡大雄村
0%
05461 雄勝郡稲川町
0%
05462 雄勝郡雄勝町
0%
05463 雄勝郡羽後町
0%
05464 雄勝郡東成瀬村
0%
05465 雄勝郡皆瀬村
0%
06301 東村山郡山辺町
0%
06302 東村山郡中山町
0%
06321 西村山郡河北町
0%
06322 西村山郡西川町
0%
06323 西村山郡朝日町
0%
06324 西村山郡大江町
0%
06341 北村山郡大石田町
0%
06361 最上郡金山町
0%
06362 最上郡最上町
0%
06363 最上郡舟形町
0%
06364 最上郡真室川町
0%
06365 最上郡大蔵村
0%
06366 最上郡鮭川村
0%
06367 最上郡戸沢村
0%
06381 東置賜郡高畠町
0%
06382 東置賜郡川西町
0%
06401 西置賜郡小国町
0%
06402 西置賜郡白鷹町
0%
06403 西置賜郡飯豊町
0%
06421 東田川郡立川町
0%
06422 東田川郡余目町
0%
06423 東田川郡藤島町
0%
06424 東田川郡羽黒町
0%
06425 東田川郡櫛引町
0%
06426 東田川郡三川町
0%
06427 東田川郡朝日村
0%
06441 西田川郡温海町
0%
06461 飽海郡遊佐町
0%
06462 飽海郡八幡町
0%
06463 飽海郡松山町
0%
06464 飽海郡平田町
0%
07301 伊達郡桑折町
0%
07302 伊達郡伊達町
0%
07303 伊達郡国見町
0%
07304 伊達郡梁川町
0%
07305 伊達郡保原町
0%
07306 伊達郡霊山町
0%
07307 伊達郡月舘町
0%
07308 伊達郡川俣町
0%
07309 伊達郡飯野町
0%
07321 安達郡安達町
0%
07322 安達郡大玉村
0%
07323 安達郡本宮町
0%
07324 安達郡白沢村
0%
07325 安達郡岩代町
0%
07326 安達郡東和町
0%
07341 岩瀬郡長沼町
0%
07342 岩瀬郡鏡石町
0%
07343 岩瀬郡岩瀬村
0%
07344 岩瀬郡天栄村
0%
07362 南会津郡下郷町
0%
07363 南会津郡舘岩村
0%
07364 南会津郡檜枝岐村
0%
07365 南会津郡伊南村
0%
07366 南会津郡南郷村
0%
07367 南会津郡只見町
0%
07402 耶麻郡北塩原村
0%
07404 耶麻郡山都町
0%
07405 耶麻郡西会津町
0%
07406 耶麻郡高郷村
0%
07407 耶麻郡磐梯町
0%
07408 耶麻郡猪苗代町
0%
07421 河沼郡会津坂下町
0%
07422 河沼郡湯川村
0%
07423 河沼郡柳津町
0%
07424 河沼郡河東町
0%
07441 大沼郡会津高田町
0%
07442 大沼郡会津本郷町
0%
07443 大沼郡新鶴村
0%
07444 大沼郡三島町
0%
07445 大沼郡金山町
0%
07446 大沼郡昭和村
0%
07461 西白河郡西郷村
0%
07462 西白河郡表郷村
0%
07463 西白河郡東村
0%
07464 西白河郡泉崎村
0%
07465 西白河郡中島村
0%
07466 西白河郡矢吹町
0%
07467 西白河郡大信村
0%
07481 東白川郡棚倉町
0%
07482 東白川郡矢祭町
0%
07483 東白川郡塙町
0%
07484 東白川郡鮫川村
0%
07501 石川郡石川町
0%
07502 石川郡玉川村
0%
07503 石川郡平田村
0%
07504 石川郡浅川町
0%
07505 石川郡古殿町
0%
07522 田村郡小野町
0%
07523 田村郡滝根町
0%
07525 田村郡都路村
0%
07526 田村郡常葉町
0%
07541 双葉郡広野町
0%
07542 双葉郡楢葉町
0%
07543 双葉郡富岡町
0%
07544 双葉郡川内村
0%
07545 双葉郡大熊町
0%
07546 双葉郡双葉町
0%
07547 双葉郡浪江町
0%
07548 双葉郡葛尾村
0%
07561 相馬郡新地町
0%
07564 相馬郡飯舘村
0%
08303 東茨城郡小川町
0%
08304 東茨城郡美野里町
0%
08305 東茨城郡内原町
0%
08306 東茨城郡常北町
0%
08307 東茨城郡桂村
0%
08308 東茨城郡御前山村
0%
08321 西茨城郡友部町
0%
08322 西茨城郡岩間町
0%
08323 西茨城郡七会村
0%
08324 西茨城郡岩瀬町
0%
08341 那珂郡東海村
0%
08342 那珂郡那珂町
0%
08343 那珂郡瓜連町
0%
08344 那珂郡大宮町
0%
08345 那珂郡山方町
0%
08346 那珂郡美和村
0%
08347 那珂郡緒川村
0%
08361 久慈郡金砂郷町
0%
08362 久慈郡水府村
0%
08363 久慈郡里美村
0%
08364 久慈郡大子町
0%
08381 多賀郡十王町
0%
08401 鹿島郡旭村
0%
08402 鹿島郡鉾田町
0%
08403 鹿島郡大洋村
0%
08406 鹿島郡神栖町
0%
08407 鹿島郡波崎町
0%
08421 行方郡麻生町
0%
08422 行方郡牛堀町
0%
08423 行方郡潮来町
0%
08424 行方郡北浦町
0%
08425 行方郡玉造町
0%
08441 稲敷郡江戸崎町
0%
08442 稲敷郡美浦村
0%
08443 稲敷郡阿見町
0%
08445 稲敷郡茎崎町
0%
08446 稲敷郡新利根町
0%
08447 稲敷郡河内町
0%
08448 稲敷郡桜川村
0%
08449 稲敷郡東町
0%
08461 新治郡霞ヶ浦町
0%
08462 新治郡玉里村
0%
08463 新治郡八郷町
0%
08464 新治郡千代田町
0%
08465 新治郡新治村
0%
08482 筑波郡伊奈町
0%
08483 筑波郡谷和原村
0%
08501 真壁郡関城町
0%
08502 真壁郡明野町
0%
08503 真壁郡真壁町
0%
08504 真壁郡大和村
0%
08505 真壁郡協和町
0%
08521 結城郡八千代町
0%
08522 結城郡千代川村
0%
08523 結城郡石下町
0%
08541 猿島郡総和町
0%
08542 猿島郡五霞町
0%
08543 猿島郡三和町
0%
08544 猿島郡猿島町
0%
08561 北相馬郡守谷町
0%
08563 北相馬郡藤代町
0%
08564 北相馬郡利根町
0%
09302 河内郡南河内町
0%
09303 河内郡上河内町
0%
09304 河内郡河内町
0%
09321 上都賀郡西方町
0%
09322 上都賀郡粟野町
0%
09323 上都賀郡足尾町
0%
09341 芳賀郡二宮町
0%
09342 芳賀郡益子町
0%
09343 芳賀郡茂木町
0%
09344 芳賀郡市貝町
0%
09361 下都賀郡壬生町
0%
09362 下都賀郡石橋町
0%
09363 下都賀郡国分寺町
0%
09364 下都賀郡野木町
0%
09365 下都賀郡大平町
0%
09366 下都賀郡藤岡町
0%
09367 下都賀郡岩舟町
0%
09368 下都賀郡都賀町
0%
09382 塩谷郡栗山村
0%
09383 塩谷郡藤原町
0%
09385 塩谷郡氏家町
0%
09386 塩谷郡高根沢町
0%
09387 塩谷郡喜連川町
0%
09401 那須郡南那須町
0%
09402 那須郡烏山町
0%
09403 那須郡馬頭町
0%
09404 那須郡小川町
0%
09405 那須郡湯津上村
0%
09406 那須郡黒羽町
0%
09409 那須郡西那須野町
0%
09410 那須郡塩原町
0%
09421 安蘇郡田沼町
0%
09422 安蘇郡葛生町
0%
10301 勢多郡北橘村
0%
10302 勢多郡赤城村
0%
10303 勢多郡富士見村
0%
10304 勢多郡大胡町
0%
10305 勢多郡宮城村
0%
10306 勢多郡粕川村
0%
10307 勢多郡新里村
0%
10308 勢多郡黒保根村
0%
10309 勢多郡東村
0%
10321 群馬郡榛名町
0%
10322 群馬郡倉渕村
0%
10323 群馬郡箕郷町
0%
10324 群馬郡群馬町
0%
10341 北群馬郡子持村
0%
10342 北群馬郡小野上村
0%
10343 北群馬郡伊香保町
0%
10344 北群馬郡榛東村
0%
10345 北群馬郡吉岡町
0%
10361 多野郡新町
0%
10362 多野郡鬼石町
0%
10363 多野郡吉井町
0%
10364 多野郡万場町
0%
10365 多野郡中里村
0%
10366 多野郡上野村
0%
10381 甘楽郡妙義町
0%
10382 甘楽郡下仁田町
0%
10383 甘楽郡南牧村
0%
10384 甘楽郡甘楽町
0%
10401 碓氷郡松井田町
0%
10421 吾妻郡中之条町
0%
10422 吾妻郡東村
0%
10423 吾妻郡吾妻町
0%
10424 吾妻郡長野原町
0%
10425 吾妻郡嬬恋村
0%
10426 吾妻郡草津町
0%
10427 吾妻郡六合村
0%
10428 吾妻郡高山村
0%
10441 利根郡白沢村
0%
10442 利根郡利根村
0%
10443 利根郡片品村
0%
10444 利根郡川場村
0%
10445 利根郡月夜野町
0%
10446 利根郡水上町
0%
10447 利根郡新治村
0%
10448 利根郡昭和村
0%
10461 佐波郡赤堀町
0%
10462 佐波郡東村
0%
10463 佐波郡境町
0%
10464 佐波郡玉村町
0%
10481 新田郡尾島町
0%
10482 新田郡新田町
0%
10483 新田郡藪塚本町
0%
10484 新田郡笠懸町
0%
10501 山田郡大間々町
0%
10522 邑楽郡明和町
0%
10523 邑楽郡千代田町
0%
11301 北足立郡伊奈町
0%
11304 北足立郡吹上町
0%
11322 入間郡大井町
0%
11327 入間郡越生町
0%
11344 比企郡都幾川村
0%
11345 比企郡玉川村
0%
11347 比企郡吉見町
0%
11348 比企郡鳩山町
0%
11361 秩父郡横瀬町
0%
11364 秩父郡吉田町
0%
11366 秩父郡両神村
0%
11367 秩父郡大滝村
0%
11368 秩父郡荒川村
0%
11369 秩父郡東秩父村
0%
11381 児玉郡美里町
0%
11382 児玉郡児玉町
0%
11383 児玉郡神川町
0%
11384 児玉郡神泉村
0%
11385 児玉郡上里町
0%
11402 大里郡江南町
0%
11403 大里郡妻沼町
0%
11405 大里郡岡部町
0%
11406 大里郡川本町
0%
11407 大里郡花園町
0%
11408 大里郡寄居町
0%
11421 北埼玉郡騎西町
0%
11422 北埼玉郡南河原村
0%
11423 北埼玉郡川里村
0%
11424 北埼玉郡北川辺町
0%
11425 北埼玉郡大利根町
0%
11442 南埼玉郡宮代町
0%
11445 南埼玉郡白岡町
0%
11446 南埼玉郡菖蒲町
0%
11461 北葛飾郡栗橋町
0%
11462 北葛飾郡鷲宮町
0%
11464 北葛飾郡杉戸町
0%
11465 北葛飾郡松伏町
0%
11468 北葛飾郡庄和町
0%
12104 千葉市若葉区
0%
12209 佐原市
0%
12305 東葛飾郡沼南町
0%
12322 印旛郡酒々井町
0%
12324 印旛郡富里町
0%
12325 印旛郡印旛村
0%
12326 印旛郡白井町
0%
12328 印旛郡本埜村
0%
12329 印旛郡栄町
0%
12341 香取郡下総町
0%
12342 香取郡神崎町
0%
12343 香取郡大栄町
0%
12344 香取郡小見川町
0%
12345 香取郡山田町
0%
12346 香取郡栗源町
0%
12347 香取郡多古町
0%
12348 香取郡干潟町
0%
12349 香取郡東庄町
0%
12361 海上郡海上町
0%
12362 海上郡飯岡町
0%
12381 匝瑳郡光町
0%
12382 匝瑳郡野栄町
0%
12402 山武郡大網白里町
0%
12403 山武郡九十九里町
0%
12404 山武郡成東町
0%
12406 山武郡蓮沼村
0%
12407 山武郡松尾町
0%
12408 山武郡横芝町
0%
12409 山武郡芝山町
0%
12421 長生郡一宮町
0%
12422 長生郡睦沢町
0%
12423 長生郡長生村
0%
12424 長生郡白子町
0%
12426 長生郡長柄町
0%
12427 長生郡長南町
0%
12441 夷隅郡大多喜町
0%
12442 夷隅郡夷隅町
0%
12443 夷隅郡御宿町
0%
12444 夷隅郡大原町
0%
12445 夷隅郡岬町
0%
12461 安房郡富浦町
0%
12462 安房郡富山町
0%
12463 安房郡鋸南町
0%
12464 安房郡三芳村
0%
12465 安房郡白浜町
0%
12466 安房郡千倉町
0%
12467 安房郡丸山町
0%
12468 安房郡和田町
0%
12472 安房郡天津小湊町
0%
13303 西多摩郡瑞穂町
0%
13305 西多摩郡日の出町
0%
13307 西多摩郡檜原村
0%
13308 西多摩郡奥多摩町
0%
14105 横浜市南区
0%
14114 横浜市瀬谷区
0%
14115 横浜市栄区
0%
14116 横浜市泉区
0%
14117 横浜市青葉区
0%
14132 川崎市幸区
0%
14136 川崎市宮前区
0%
14218 綾瀬市
0%
14301 三浦郡葉山町
0%
14321 高座郡寒川町
0%
14341 中郡大磯町
0%
14342 中郡二宮町
0%
14361 足柄上郡中井町
0%
14362 足柄上郡大井町
0%
14363 足柄上郡松田町
0%
14364 足柄上郡山北町
0%
14366 足柄上郡開成町
0%
14382 足柄下郡箱根町
0%
14383 足柄下郡真鶴町
0%
14384 足柄下郡湯河原町
0%
14401 愛甲郡愛川町
0%
14402 愛甲郡清川村
0%
14421 津久井郡城山町
0%
14422 津久井郡津久井町
0%
14423 津久井郡相模湖町
0%
14424 津久井郡藤野町
0%
15301 北蒲原郡安田町
0%
15302 北蒲原郡京ヶ瀬村
0%
15303 北蒲原郡水原町
0%
15304 北蒲原郡笹神村
0%
15306 北蒲原郡豊浦町
0%
15307 北蒲原郡聖籠町
0%
15308 北蒲原郡加治川村
0%
15309 北蒲原郡紫雲寺町
0%
15310 北蒲原郡中条町
0%
15311 北蒲原郡黒川村
0%
15321 中蒲原郡小須戸町
0%
15322 中蒲原郡村松町
0%
15323 中蒲原郡横越町
0%
15324 中蒲原郡亀田町
0%
15341 西蒲原郡岩室村
0%
15342 西蒲原郡弥彦村
0%
15343 西蒲原郡分水町
0%
15344 西蒲原郡吉田町
0%
15346 西蒲原郡西川町
0%
15347 西蒲原郡黒埼町
0%
15348 西蒲原郡味方村
0%
15349 西蒲原郡潟東村
0%
15350 西蒲原郡月潟村
0%
15351 西蒲原郡中之口村
0%
15361 南蒲原郡田上町
0%
15362 南蒲原郡下田村
0%
15363 南蒲原郡栄町
0%
15364 南蒲原郡中之島町
0%
15381 東蒲原郡津川町
0%
15382 東蒲原郡鹿瀬町
0%
15383 東蒲原郡上川村
0%
15384 東蒲原郡三川村
0%
15401 三島郡越路町
0%
15402 三島郡三島町
0%
15403 三島郡与板町
0%
15404 三島郡和島村
0%
15421 古志郡山古志村
0%
15441 北魚沼郡川口町
0%
15442 北魚沼郡堀之内町
0%
15443 北魚沼郡小出町
0%
15444 北魚沼郡湯之谷村
0%
15445 北魚沼郡広神村
0%
15446 北魚沼郡守門村
0%
15447 北魚沼郡入広瀬村
0%
15461 南魚沼郡湯沢町
0%
15462 南魚沼郡塩沢町
0%
15463 南魚沼郡六日町
0%
15464 南魚沼郡大和町
0%
15481 中魚沼郡川西町
0%
15482 中魚沼郡津南町
0%
15483 中魚沼郡中里村
0%
15501 刈羽郡高柳町
0%
15502 刈羽郡小国町
0%
15505 刈羽郡西山町
0%
15521 東頸城郡安塚町
0%
15522 東頸城郡浦川原村
0%
15523 東頸城郡松代町
0%
15524 東頸城郡松之山町
0%
15525 東頸城郡大島村
0%
15526 東頸城郡牧村
0%
15541 中頸城郡柿崎町
0%
15542 中頸城郡大潟町
0%
15543 中頸城郡頸城村
0%
15544 中頸城郡吉川町
0%
15545 中頸城郡妙高高原町
0%
15546 中頸城郡中郷村
0%
15547 中頸城郡妙高村
0%
15548 中頸城郡板倉町
0%
15549 中頸城郡清里村
0%
15550 中頸城郡三和村
0%
15561 西頸城郡名立町
0%
15562 西頸城郡能生町
0%
15563 西頸城郡青海町
0%
15581 岩船郡関川村
0%
15582 岩船郡荒川町
0%
15583 岩船郡神林村
0%
15584 岩船郡朝日村
0%
15585 岩船郡山北町
0%
15586 岩船郡粟島浦村
0%
15601 佐渡郡相川町
0%
15602 佐渡郡佐和田町
0%
15603 佐渡郡金井町
0%
15604 佐渡郡新穂村
0%
15605 佐渡郡畑野町
0%
15606 佐渡郡真野町
0%
15607 佐渡郡小木町
0%
15608 佐渡郡羽茂町
0%
15609 佐渡郡赤泊村
0%
16301 上新川郡大沢野町
0%
16302 上新川郡大山町
0%
16321 中新川郡舟橋村
0%
16322 中新川郡上市町
0%
16323 中新川郡立山町
0%
16341 下新川郡宇奈月町
0%
16342 下新川郡入善町
0%
16343 下新川郡朝日町
0%
16361 婦負郡八尾町
0%
16362 婦負郡婦中町
0%
16363 婦負郡山田村
0%
16364 婦負郡細入村
0%
16381 射水郡小杉町
0%
16382 射水郡大門町
0%
16383 射水郡下村
0%
16384 射水郡大島町
0%
16401 東礪波郡城端町
0%
16402 東礪波郡平村
0%
16403 東礪波郡上平村
0%
16404 東礪波郡利賀村
0%
16405 東礪波郡庄川町
0%
16406 東礪波郡井波町
0%
16407 東礪波郡井口村
0%
16408 東礪波郡福野町
0%
16421 西礪波郡福光町
0%
16422 西礪波郡福岡町
0%
17301 江沼郡山中町
0%
17321 能美郡根上町
0%
17322 能美郡寺井町
0%
17323 能美郡辰口町
0%
17342 石川郡美川町
0%
17343 石川郡鶴来町
0%
17344 石川郡野々市町
0%
17345 石川郡河内村
0%
17346 石川郡吉野谷村
0%
17347 石川郡鳥越村
0%
17348 石川郡尾口村
0%
17349 石川郡白峰村
0%
17361 河北郡津幡町
0%
17363 河北郡七塚町
0%
17365 河北郡内灘町
0%
17382 羽咋郡富来町
0%
17383 羽咋郡志雄町
0%
17384 羽咋郡志賀町
0%
17385 羽咋郡押水町
0%
17401 鹿島郡田鶴浜町
0%
17402 鹿島郡鳥屋町
0%
17406 鹿島郡鹿西町
0%
17422 鳳至郡門前町
0%
17424 鳳至郡柳田村
0%
17441 珠洲郡内浦町
0%
18302 足羽郡美山町
0%
18342 大野郡和泉村
0%
18363 坂井郡金津町
0%
18365 坂井郡春江町
0%
18366 坂井郡坂井町
0%
18403 南条郡河野村
0%
18421 丹生郡朝日町
0%
18422 丹生郡宮崎村
0%
18423 丹生郡越前町
0%
18424 丹生郡越廼村
0%
18425 丹生郡織田町
0%
18426 丹生郡清水町
0%
19302 東山梨郡牧丘町
0%
19303 東山梨郡三富村
0%
19305 東山梨郡大和村
0%
19322 東八代郡御坂町
0%
19323 東八代郡一宮町
0%
19324 東八代郡八代町
0%
19325 東八代郡境川村
0%
19326 東八代郡中道町
0%
19327 東八代郡芦川村
0%
19328 東八代郡豊富村
0%
19341 西八代郡上九一色村
0%
19342 西八代郡三珠町
0%
19343 西八代郡市川大門町
0%
19344 西八代郡六郷町
0%
19345 西八代郡下部町
0%
19361 南巨摩郡増穂町
0%
19363 南巨摩郡中富町
0%
19383 中巨摩郡玉穂町
0%
19384 中巨摩郡昭和町
0%
19385 中巨摩郡田富町
0%
19402 北巨摩郡明野村
0%
19403 北巨摩郡須玉町
0%
19404 北巨摩郡高根町
0%
19405 北巨摩郡長坂町
0%
19406 北巨摩郡大泉村
0%
19407 北巨摩郡小淵沢町
0%
19408 北巨摩郡白州町
0%
19422 南都留郡道志村
0%
19423 南都留郡西桂町
0%
19424 南都留郡忍野村
0%
19425 南都留郡山中湖村
0%
19426 南都留郡河口湖町
0%
19427 南都留郡勝山村
0%
19428 南都留郡足和田村
0%
19429 南都留郡鳴沢村
0%
19442 北都留郡小菅村
0%
19443 北都留郡丹波山村
0%
20301 南佐久郡臼田町
0%
20302 南佐久郡佐久町
0%
20303 南佐久郡小海町
0%
20304 南佐久郡川上村
0%
20305 南佐久郡南牧村
0%
20306 南佐久郡南相木村
0%
20307 南佐久郡北相木村
0%
20308 南佐久郡八千穂村
0%
20321 北佐久郡軽井沢町
0%
20322 北佐久郡望月町
0%
20323 北佐久郡御代田町
0%
20324 北佐久郡立科町
0%
20325 北佐久郡浅科村
0%
20326 北佐久郡北御牧村
0%
20341 小県郡丸子町
0%
20342 小県郡長門町
0%
20343 小県郡東部町
0%
20345 小県郡真田町
0%
20346 小県郡武石村
0%
20347 小県郡和田村
0%
20349 小県郡青木村
0%
20361 諏訪郡下諏訪町
0%
20362 諏訪郡富士見町
0%
20363 諏訪郡原村
0%
20381 上伊那郡高遠町
0%
20382 上伊那郡辰野町
0%
20383 上伊那郡箕輪町
0%
20385 上伊那郡南箕輪村
0%
20386 上伊那郡中川村
0%
20387 上伊那郡長谷村
0%
20402 下伊那郡松川町
0%
20403 下伊那郡高森町
0%
20404 下伊那郡阿南町
0%
20406 下伊那郡清内路村
0%
20407 下伊那郡阿智村
0%
20408 下伊那郡浪合村
0%
20409 下伊那郡平谷村
0%
20410 下伊那郡根羽村
0%
20411 下伊那郡下條村
0%
20412 下伊那郡売木村
0%
20413 下伊那郡天龍村
0%
20414 下伊那郡泰阜村
0%
20415 下伊那郡喬木村
0%
20416 下伊那郡豊丘村
0%
20417 下伊那郡大鹿村
0%
20418 下伊那郡上村
0%
20419 下伊那郡南信濃村
0%
20421 木曽郡木曽福島町
0%
20422 木曽郡上松町
0%
20423 木曽郡南木曽町
0%
20424 木曽郡楢川村
0%
20425 木曽郡木祖村
0%
20426 木曽郡日義村
0%
20427 木曽郡開田村
0%
20428 木曽郡三岳村
0%
20429 木曽郡王滝村
0%
20430 木曽郡大桑村
0%
20431 木曽郡山口村
0%
20441 東筑摩郡明科町
0%
20443 東筑摩郡四賀村
0%
20444 東筑摩郡本城村
0%
20445 東筑摩郡坂北村
0%
20446 東筑摩郡麻績村
0%
20447 東筑摩郡坂井村
0%
20448 東筑摩郡生坂村
0%
20449 東筑摩郡波田町
0%
20450 東筑摩郡山形村
0%
20451 東筑摩郡朝日村
0%
20461 南安曇郡豊科町
0%
20462 南安曇郡穂高町
0%
20463 南安曇郡奈川村
0%
20464 南安曇郡安曇村
0%
20465 南安曇郡梓川村
0%
20466 南安曇郡三郷村
0%
20467 南安曇郡堀金村
0%
20481 北安曇郡池田町
0%
20482 北安曇郡松川村
0%
20483 北安曇郡八坂村
0%
20484 北安曇郡美麻村
0%
20485 北安曇郡白馬村
0%
20486 北安曇郡小谷村
0%
20501 更級郡上山田町
0%
20502 更級郡大岡村
0%
20521 埴科郡坂城町
0%
20522 埴科郡戸倉町
0%
20541 上高井郡小布施町
0%
20543 上高井郡高山村
0%
20561 下高井郡山ノ内町
0%
20562 下高井郡木島平村
0%
20563 下高井郡野沢温泉村
0%
20581 上水内郡信州新町
0%
20582 上水内郡豊野町
0%
20583 上水内郡信濃町
0%
20584 上水内郡牟礼村
0%
20585 上水内郡三水村
0%
20586 上水内郡戸隠村
0%
20587 上水内郡鬼無里村
0%
20588 上水内郡小川村
0%
20589 上水内郡中条村
0%
20601 下水内郡豊田村
0%
20602 下水内郡栄村
0%
21562 恵那郡川上村
0%
21570 恵那郡串原村
0%
21622 吉城郡国府町
0%
22321 田方郡伊豆長岡町
0%
22322 田方郡修善寺町
0%
22323 田方郡戸田村
0%
22324 田方郡土肥町
0%
22325 田方郡函南町
0%
22326 田方郡韮山町
0%
22327 田方郡大仁町
0%
22328 田方郡天城湯ケ島町
0%
22329 田方郡中伊豆町
0%
22341 駿東郡清水町
0%
22342 駿東郡長泉町
0%
22344 駿東郡小山町
0%
22361 富士郡芝川町
0%
22383 庵原郡由比町
0%
22402 志太郡大井川町
0%
22421 榛原郡御前崎町
0%
22422 榛原郡相良町
0%
22423 榛原郡榛原町
0%
22424 榛原郡吉田町
0%
22425 榛原郡金谷町
0%
22426 榛原郡川根町
0%
22427 榛原郡中川根町
0%
22428 榛原郡本川根町
0%
22442 小笠郡大須賀町
0%
22444 小笠郡浜岡町
0%
22445 小笠郡小笠町
0%
22446 小笠郡菊川町
0%
22447 小笠郡大東町
0%
22461 周智郡森町
0%
22462 周智郡春野町
0%
22481 磐田郡浅羽町
0%
22482 磐田郡福田町
0%
22483 磐田郡竜洋町
0%
22484 磐田郡豊田町
0%
22485 磐田郡豊岡村
0%
22486 磐田郡龍山村
0%
22487 磐田郡佐久間町
0%
22488 磐田郡水窪町
0%
22502 浜名郡舞阪町
0%
22503 浜名郡新居町
0%
22505 浜名郡雄踏町
0%
22521 引佐郡細江町
0%
22522 引佐郡引佐町
0%
22523 引佐郡三ケ日町
0%
23361 丹羽郡大口町
0%
23362 丹羽郡扶桑町
0%
23481 幡豆郡一色町
0%
23482 幡豆郡吉良町
0%
23502 額田郡額田町
0%
23522 西加茂郡藤岡町
0%
23523 西加茂郡小原村
0%
23543 東加茂郡下山村
0%
23544 東加茂郡旭町
0%
23565 北設楽郡津具村
0%
23566 北設楽郡稲武町
0%
23581 南設楽郡鳳来町
0%
23582 南設楽郡作手村
0%
23601 宝飯郡音羽町
0%
23602 宝飯郡一宮町
0%
23603 宝飯郡小坂井町
0%
23604 宝飯郡御津町
0%
26405 船井郡瑞穂町
0%
28321 美嚢郡吉川町
0%
28381 加古郡稲美町
0%
28382 加古郡播磨町
0%
28422 飾磨郡夢前町
0%
28543 城崎郡香住町
0%
28581 美方郡村岡町
0%
28582 美方郡浜坂町
0%
28583 美方郡美方町
0%
28584 美方郡温泉町
0%
28601 養父郡八鹿町
0%
28603 養父郡大屋町
0%
28641 氷上郡柏原町
0%
28642 氷上郡氷上町
0%
28643 氷上郡青垣町
0%
28644 氷上郡春日町
0%
28645 氷上郡山南町
0%
28646 氷上郡市島町
0%
28664 多紀郡西紀町
0%
28665 多紀郡丹南町
0%
28666 多紀郡今田町
0%
28681 津名郡津名町
0%
28682 津名郡淡路町
0%
28683 津名郡北淡町
0%
28684 津名郡一宮町
0%
28685 津名郡五色町
0%
28686 津名郡東浦町
0%
28701 三原郡緑町
0%
28702 三原郡西淡町
0%
28703 三原郡三原町
0%
28704 三原郡南淡町
0%
29207 五條市
0%
29210 香芝市
0%
29301 添上郡月ケ瀬村
0%
29321 山辺郡都祁󠄀村
0%
29322 山辺郡山添村
0%
29342 生駒郡平群町
0%
29343 生駒郡三郷町
0%
29344 生駒郡斑鳩町
0%
29345 生駒郡安堵町
0%
29361 磯城郡川西町
0%
29362 磯城郡三宅町
0%
29363 磯城郡田原本町
0%
29381 宇陀郡大宇陀町
0%
29382 宇陀郡菟田野町
0%
29383 宇陀郡榛原町
0%
29384 宇陀郡室生村
0%
29385 宇陀郡曽爾村
0%
29386 宇陀郡御杖村
0%
29401 高市郡高取町
0%
29402 高市郡明日香村
0%
29421 北葛城郡新庄町
0%
29422 北葛城郡當麻町
0%
29424 北葛城郡上牧町
0%
29426 北葛城郡広陵町
0%
29427 北葛城郡河合町
0%
29441 吉野郡吉野町
0%
29442 吉野郡大淀町
0%
29443 吉野郡下市町
0%
29444 吉野郡黒滝村
0%
29445 吉野郡西吉野村
0%
29446 吉野郡天川村
0%
29447 吉野郡野迫川村
0%
29448 吉野郡大塔村
0%
29449 吉野郡十津川村
0%
29450 吉野郡下北山村
0%
29451 吉野郡上北山村
0%
29452 吉野郡川上村
0%
29453 吉野郡東吉野村
0%
30301 海草郡下津町
0%
30302 海草郡野上町
0%
30303 海草郡美里町
0%
30321 那賀郡打田町
0%
30324 那賀郡桃山町
0%
30325 那賀郡貴志川町
0%
30326 那賀郡岩出町
0%
30341 伊都郡かつらぎ町
0%
30342 伊都郡高野口町
0%
30343 伊都郡九度山町
0%
30344 伊都郡高野町
0%
30345 伊都郡花園村
0%
30361 有田郡湯浅町
0%
30362 有田郡広川町
0%
30363 有田郡吉備町
0%
30364 有田郡金屋町
0%
30365 有田郡清水町
0%
30381 日高郡美浜町
0%
30382 日高郡日高町
0%
30383 日高郡由良町
0%
30384 日高郡川辺町
0%
30385 日高郡中津村
0%
30386 日高郡美山村
0%
30387 日高郡龍神村
0%
30388 日高郡南部川村
0%
30389 日高郡南部町
0%
30390 日高郡印南町
0%
30401 西牟婁郡白浜町
0%
30402 西牟婁郡中辺路町
0%
30403 西牟婁郡大塔村
0%
30404 西牟婁郡上富田町
0%
30405 西牟婁郡日置川町
0%
30406 西牟婁郡すさみ町
0%
30407 西牟婁郡串本町
0%
30421 東牟婁郡那智勝浦町
0%
30422 東牟婁郡太地町
0%
30423 東牟婁郡古座町
0%
30424 東牟婁郡古座川町
0%
30425 東牟婁郡熊野川町
0%
30426 東牟婁郡本宮町
0%
30427 東牟婁郡北山村
0%
31301 岩美郡国府町
0%
31302 岩美郡岩美町
0%
31303 岩美郡福部村
0%
31322 八頭郡船岡町
0%
31323 八頭郡河原町
0%
31324 八頭郡八東町
0%
31326 八頭郡用瀬町
0%
31327 八頭郡佐治村
0%
31341 気高郡気高町
0%
31342 気高郡鹿野町
0%
31343 気高郡青谷町
0%
31361 東伯郡羽合町
0%
31362 東伯郡泊村
0%
31363 東伯郡東郷町
0%
31364 東伯郡三朝町
0%
31365 東伯郡関金町
0%
31366 東伯郡北条町
0%
31367 東伯郡大栄町
0%
31368 東伯郡東伯町
0%
31369 東伯郡赤碕町
0%
31381 西伯郡西伯町
0%
31382 西伯郡会見町
0%
31383 西伯郡岸本町
0%
31384 西伯郡日吉津村
0%
31385 西伯郡淀江町
0%
31386 西伯郡大山町
0%
31387 西伯郡名和町
0%
31388 西伯郡中山町
0%
31401 日野郡日南町
0%
31403 日野郡江府町
0%
31404 日野郡溝口町
0%
32301 八束郡鹿島町
0%
32302 八束郡島根町
0%
32303 八束郡美保関町
0%
32304 八束郡東出雲町
0%
32305 八束郡八雲村
0%
32306 八束郡玉湯町
0%
32307 八束郡宍道町
0%
32308 八束郡八束町
0%
32321 能義郡広瀬町
0%
32322 能義郡伯太町
0%
32342 仁多郡横田町
0%
32361 大原郡大東町
0%
32362 大原郡加茂町
0%
32363 大原郡木次町
0%
32381 飯石郡三刀屋町
0%
32382 飯石郡吉田村
0%
32383 飯石郡掛合町
0%
32384 飯石郡頓原町
0%
32385 飯石郡赤来町
0%
32401 簸川郡斐川町
0%
32402 簸川郡佐田町
0%
32403 簸川郡多伎町
0%
32404 簸川郡湖陵町
0%
32405 簸川郡大社町
0%
32421 邇摩郡温泉津町
0%
32422 邇摩郡仁摩町
0%
32441 邑智郡川本町
0%
32442 邑智郡邑智町
0%
32443 邑智郡大和村
0%
32444 邑智郡羽須美村
0%
32445 邑智郡瑞穂町
0%
32446 邑智郡石見町
0%
32447 邑智郡桜江町
0%
32462 那賀郡金城町
0%
32463 那賀郡旭町
0%
32464 那賀郡弥栄村
0%
32465 那賀郡三隅町
0%
32481 美濃郡美都町
0%
32482 美濃郡匹見町
0%
32501 鹿足郡津和野町
0%
32502 鹿足郡日原町
0%
32503 鹿足郡柿木村
0%
32504 鹿足郡六日市町
0%
32521 隠岐郡西郷町
0%
32522 隠岐郡布施村
0%
32523 隠岐郡五箇村
0%
32524 隠岐郡都万村
0%
32525 隠岐郡海士町
0%
32526 隠岐郡西ノ島町
0%
32527 隠岐郡知夫村
0%
33301 御津郡御津町
0%
33303 御津郡建部町
0%
33305 御津郡加茂川町
0%
33321 赤磐郡瀬戸町
0%
33322 赤磐郡山陽町
0%
33323 赤磐郡赤坂町
0%
33324 赤磐郡熊山町
0%
33325 赤磐郡吉井町
0%
33342 和気郡日生町
0%
33344 和気郡吉永町
0%
33345 和気郡佐伯町
0%
33346 和気郡和気町
0%
33361 邑久郡牛窓町
0%
33362 邑久郡邑久町
0%
33363 邑久郡長船町
0%
33401 児島郡灘崎町
0%
33423 都窪郡早島町
0%
33427 都窪郡山手村
0%
33428 都窪郡清音村
0%
33441 浅口郡船穂町
0%
33442 浅口郡金光町
0%
33443 浅口郡鴨方町
0%
33444 浅口郡寄島町
0%
33445 浅口郡里庄町
0%
33461 小田郡矢掛町
0%
33462 小田郡美星町
0%
33481 後月郡芳井町
0%
33503 吉備郡真備町
0%
33521 上房郡有漢町
0%
33522 上房郡北房町
0%
33523 上房郡賀陽町
0%
33541 川上郡成羽町
0%
33542 川上郡川上町
0%
33543 川上郡備中町
0%
33561 阿哲郡大佐町
0%
33562 阿哲郡神郷町
0%
33563 阿哲郡哲多町
0%
33564 阿哲郡哲西町
0%
33581 真庭郡勝山町
0%
33582 真庭郡落合町
0%
33583 真庭郡湯原町
0%
33584 真庭郡久世町
0%
33585 真庭郡美甘村
0%
33586 真庭郡新庄村
0%
33587 真庭郡川上村
0%
33588 真庭郡八束村
0%
33589 真庭郡中和村
0%
33601 苫田郡加茂町
0%
33602 苫田郡富村
0%
33603 苫田郡奥津町
0%
33604 苫田郡上齋原村
0%
33605 苫田郡阿波村
0%
33606 苫田郡鏡野町
0%
33621 勝田郡勝田町
0%
33622 勝田郡勝央町
0%
33623 勝田郡奈義町
0%
33624 勝田郡勝北町
0%
33641 英田郡大原町
0%
33642 英田郡東粟倉村
0%
33643 英田郡西粟倉村
0%
33644 英田郡美作町
0%
33645 英田郡作東町
0%
33646 英田郡英田町
0%
33661 久米郡中央町
0%
33662 久米郡旭町
0%
33663 久米郡久米南町
0%
33664 久米郡久米町
0%
33665 久米郡柵原町
0%
34302 安芸郡府中町
0%
34304 安芸郡海田町
0%
34307 安芸郡熊野町
0%
34310 安芸郡江田島町
0%
34311 安芸郡音戸町
0%
34312 安芸郡倉橋町
0%
34313 安芸郡下蒲刈町
0%
34314 安芸郡蒲刈町
0%
34323 佐伯郡大野町
0%
34324 佐伯郡湯来町
0%
34325 佐伯郡佐伯町
0%
34326 佐伯郡吉和村
0%
34327 佐伯郡宮島町
0%
34328 佐伯郡能美町
0%
34329 佐伯郡沖美町
0%
34330 佐伯郡大柿町
0%
34361 山県郡加計町
0%
34362 山県郡筒賀村
0%
34363 山県郡戸河内町
0%
34364 山県郡芸北町
0%
34365 山県郡大朝町
0%
34367 山県郡豊平町
0%
34381 高田郡吉田町
0%
34382 高田郡八千代町
0%
34383 高田郡美土里町
0%
34384 高田郡高宮町
0%
34385 高田郡甲田町
0%
34386 高田郡向原町
0%
34402 賀茂郡黒瀬町
0%
34405 賀茂郡福富町
0%
34406 賀茂郡豊栄町
0%
34407 賀茂郡大和町
0%
34408 賀茂郡河内町
0%
34421 豊田郡本郷町
0%
34423 豊田郡安浦町
0%
34424 豊田郡川尻町
0%
34425 豊田郡豊浜町
0%
34426 豊田郡豊町
0%
34427 豊田郡大崎町
0%
34428 豊田郡東野町
0%
34429 豊田郡木江町
0%
34430 豊田郡瀬戸田町
0%
34441 御調郡御調町
0%
34442 御調郡久井町
0%
34444 御調郡向島町
0%
34461 世羅郡甲山町
0%
34462 世羅郡世羅町
0%
34481 沼隈郡内海町
0%
34482 沼隈郡沼隈町
0%
34501 深安郡神辺町
0%
34524 芦品郡新市町
0%
34541 神石郡油木町
0%
34542 神石郡神石町
0%
34543 神石郡豊松村
0%
34544 神石郡三和町
0%
34561 甲奴郡上下町
0%
34562 甲奴郡総領町
0%
34581 双三郡君田村
0%
34582 双三郡布野村
0%
34583 双三郡作木村
0%
34584 双三郡吉舎町
0%
34585 双三郡三良坂町
0%
34586 双三郡三和町
0%
34601 比婆郡西城町
0%
34602 比婆郡東城町
0%
34603 比婆郡口和町
0%
34604 比婆郡高野町
0%
34605 比婆郡比和町
0%
35301 大島郡久賀町
0%
35302 大島郡大島町
0%
35303 大島郡東和町
0%
35304 大島郡橘町
0%
35321 玖珂郡和木町
0%
35322 玖珂郡由宇町
0%
35323 玖珂郡玖珂町
0%
35324 玖珂郡本郷村
0%
35325 玖珂郡周東町
0%
35326 玖珂郡錦町
0%
35327 玖珂郡大畠町
0%
35328 玖珂郡美川町
0%
35329 玖珂郡美和町
0%
35341 熊毛郡上関町
0%
35342 熊毛郡大和町
0%
35343 熊毛郡田布施町
0%
35345 熊毛郡熊毛町
0%
35361 都濃郡鹿野町
0%
35381 佐波郡徳地町
0%
35401 吉敷郡秋穂町
0%
35402 吉敷郡小郡町
0%
35403 吉敷郡阿知須町
0%
35421 厚狭郡楠町
0%
35422 厚狭郡山陽町
0%
35441 豊浦郡菊川町
0%
35442 豊浦郡豊田町
0%
35444 豊浦郡豊北町
0%
35461 美祢郡美東町
0%
35462 美祢郡秋芳町
0%
35481 大津郡三隅町
0%
35482 大津郡日置町
0%
35483 大津郡油谷町
0%
35501 阿武郡川上村
0%
35503 阿武郡田万川町
0%
35504 阿武郡阿東町
0%
35506 阿武郡須佐町
0%
35507 阿武郡旭村
0%
35508 阿武郡福栄村
0%
36301 勝浦郡勝浦町
0%
36302 勝浦郡上勝町
0%
36341 名西郡石井町
0%
36342 名西郡神山町
0%
36361 那賀郡那賀川町
0%
36362 那賀郡羽ノ浦町
0%
36363 那賀郡鷲敷町
0%
36364 那賀郡相生町
0%
36365 那賀郡上那賀町
0%
36366 那賀郡木沢村
0%
36367 那賀郡木頭村
0%
36381 海部郡由岐町
0%
36382 海部郡日和佐町
0%
36383 海部郡牟岐町
0%
36384 海部郡海南町
0%
36385 海部郡海部町
0%
36386 海部郡宍喰町
0%
36401 板野郡松茂町
0%
36402 板野郡北島町
0%
36403 板野郡藍住町
0%
36404 板野郡板野町
0%
36405 板野郡上板町
0%
36406 板野郡吉野町
0%
36407 板野郡土成町
0%
36421 阿波郡市場町
0%
36422 阿波郡阿波町
0%
36441 麻植郡鴨島町
0%
36442 麻植郡川島町
0%
36443 麻植郡山川町
0%
36444 麻植郡美郷村
0%
36461 美馬郡脇町
0%
36462 美馬郡美馬町
0%
36463 美馬郡半田町
0%
36464 美馬郡貞光町
0%
36465 美馬郡一宇村
0%
36466 美馬郡穴吹町
0%
36467 美馬郡木屋平村
0%
36484 三好郡山城町
0%
36485 三好郡井川町
0%
36487 三好郡東祖谷山村
0%
36488 三好郡西祖谷山村
0%
37323 小豆郡池田町
0%
37429 三豊郡財田町
0%
38301 宇摩郡新宮村
0%
38302 宇摩郡土居町
0%
38303 宇摩郡別子山村
0%
38321 周桑郡小松町
0%
38323 周桑郡丹原町
0%
38341 越智郡朝倉村
0%
38342 越智郡玉川町
0%
38343 越智郡波方町
0%
38344 越智郡大西町
0%
38345 越智郡菊間町
0%
38346 越智郡吉海町
0%
38347 越智郡宮窪町
0%
38348 越智郡伯方町
0%
38349 越智郡魚島村
0%
38350 越智郡弓削町
0%
38351 越智郡生名村
0%
38352 越智郡岩城村
0%
38353 越智郡上浦町
0%
38354 越智郡大三島町
0%
38355 越智郡関前村
0%
38361 温泉郡重信町
0%
38362 温泉郡川内町
0%
38363 温泉郡中島町
0%
38381 上浮穴郡久万町
0%
38382 上浮穴郡面河村
0%
38383 上浮穴郡美川村
0%
38384 上浮穴郡柳谷村
0%
38385 上浮穴郡小田町
0%
38401 伊予郡松前町
0%
38402 伊予郡砥部町
0%
38403 伊予郡広田村
0%
38404 伊予郡中山町
0%
38405 伊予郡双海町
0%
38421 喜多郡長浜町
0%
38422 喜多郡内子町
0%
38423 喜多郡五十崎町
0%
38424 喜多郡肱川町
0%
38425 喜多郡河辺村
0%
38441 西宇和郡保内町
0%
38442 西宇和郡伊方町
0%
38443 西宇和郡瀬戸町
0%
38444 西宇和郡三崎町
0%
38445 西宇和郡三瓶町
0%
38461 東宇和郡明浜町
0%
38462 東宇和郡宇和町
0%
38463 東宇和郡野村町
0%
38464 東宇和郡城川町
0%
38481 北宇和郡吉田町
0%
38482 北宇和郡三間町
0%
38483 北宇和郡広見町
0%
38484 北宇和郡松野町
0%
38485 北宇和郡日吉村
0%
38486 北宇和郡津島町
0%
38501 南宇和郡内海村
0%
38502 南宇和郡御荘町
0%
38503 南宇和郡城辺町
0%
38504 南宇和郡一本松町
0%
38505 南宇和郡西海町
0%
39301 安芸郡東洋町
0%
39302 安芸郡奈半利町
0%
39303 安芸郡田野町
0%
39304 安芸郡安田町
0%
39305 安芸郡北川村
0%
39306 安芸郡馬路村
0%
39326 香美郡香北町
0%
39328 香美郡物部村
0%
39341 長岡郡本山町
0%
39344 長岡郡大豊町
0%
39361 土佐郡鏡村
0%
39362 土佐郡土佐山村
0%
39363 土佐郡土佐町
0%
39364 土佐郡大川村
0%
39365 土佐郡本川村
0%
39382 吾川郡池川町
0%
39383 吾川郡春野町
0%
39401 高岡郡中土佐町
0%
39402 高岡郡佐川町
0%
39403 高岡郡越知町
0%
39404 高岡郡窪川町
0%
39405 高岡郡檮原町
0%
39406 高岡郡大野見村
0%
39407 高岡郡東津野村
0%
39408 高岡郡葉山村
0%
39409 高岡郡仁淀村
0%
39421 幡多郡佐賀町
0%
39422 幡多郡大正町
0%
39423 幡多郡大方町
0%
39424 幡多郡大月町
0%
39425 幡多郡十和村
0%
39426 幡多郡西土佐村
0%
39427 幡多郡三原村
0%
40209 甘木市
0%
40211 筑後市
0%
40217 筑紫野市
0%
40305 筑紫郡那珂川町
0%
40341 糟屋郡宇美町
0%
40342 糟屋郡篠栗町
0%
40343 糟屋郡志免町
0%
40344 糟屋郡須恵町
0%
40345 糟屋郡新宮町
0%
40348 糟屋郡久山町
0%
40349 糟屋郡粕屋町
0%
40362 宗像郡福間町
0%
40363 宗像郡津屋崎町
0%
40364 宗像郡玄海町
0%
40365 宗像郡大島村
0%
40381 遠賀郡芦屋町
0%
40382 遠賀郡水巻町
0%
40383 遠賀郡岡垣町
0%
40384 遠賀郡遠賀町
0%
40401 鞍手郡小竹町
0%
40402 鞍手郡鞍手町
0%
40403 鞍手郡宮田町
0%
40404 鞍手郡若宮町
0%
40421 嘉穂郡桂川町
0%
40422 嘉穂郡稲築町
0%
40423 嘉穂郡碓井町
0%
40424 嘉穂郡嘉穂町
0%
40425 嘉穂郡筑穂町
0%
40426 嘉穂郡穂波町
0%
40427 嘉穂郡庄内町
0%
40428 嘉穂郡頴田町
0%
40441 朝倉郡杷木町
0%
40442 朝倉郡朝倉町
0%
40443 朝倉郡三輪町
0%
40444 朝倉郡夜須町
0%
40445 朝倉郡小石原村
0%
40446 朝倉郡宝珠山村
0%
40462 糸島郡二丈町
0%
40463 糸島郡志摩町
0%
40481 浮羽郡吉井町
0%
40482 浮羽郡田主丸町
0%
40483 浮羽郡浮羽町
0%
40501 三井郡北野町
0%
40503 三井郡大刀洗町
0%
40521 三潴郡城島町
0%
40522 三潴郡大木町
0%
40523 三潴郡三潴町
0%
40541 八女郡黒木町
0%
40542 八女郡上陽町
0%
40543 八女郡立花町
0%
40544 八女郡広川町
0%
40545 八女郡矢部村
0%
40546 八女郡星野村
0%
40562 山門郡大和町
0%
40563 山門郡三橋町
0%
40564 山門郡山川町
0%
40581 三池郡高田町
0%
40601 田川郡香春町
0%
40602 田川郡添田町
0%
40603 田川郡金田町
0%
40604 田川郡糸田町
0%
40605 田川郡川崎町
0%
40606 田川郡赤池町
0%
40607 田川郡方城町
0%
40608 田川郡大任町
0%
40609 田川郡赤村
0%
40621 京都郡苅田町
0%
40622 京都郡犀川町
0%
40623 京都郡勝山町
0%
40624 京都郡豊津町
0%
40641 築上郡椎田町
0%
40642 築上郡吉富町
0%
40643 築上郡築城町
0%
40644 築上郡新吉富村
0%
40645 築上郡大平村
0%
41301 佐賀郡諸富町
0%
41302 佐賀郡川副町
0%
41303 佐賀郡東与賀町
0%
41304 佐賀郡久保田町
0%
41305 佐賀郡大和町
0%
41306 佐賀郡富士町
0%
41321 神埼郡神埼町
0%
41322 神埼郡千代田町
0%
41323 神埼郡三田川町
0%
41324 神埼郡東脊振村
0%
41325 神埼郡脊振村
0%
41326 神埼郡三瀬村
0%
41341 三養基郡基山町
0%
41342 三養基郡中原町
0%
41343 三養基郡北茂安町
0%
41344 三養基郡三根町
0%
41345 三養基郡上峰町
0%
41361 小城郡小城町
0%
41362 小城郡三日月町
0%
41363 小城郡牛津町
0%
41364 小城郡芦刈町
0%
41381 東松浦郡浜玉町
0%
41382 東松浦郡七山村
0%
41383 東松浦郡厳木町
0%
41384 東松浦郡相知町
0%
41385 東松浦郡北波多村
0%
41386 東松浦郡肥前町
0%
41387 東松浦郡玄海町
0%
41388 東松浦郡鎮西町
0%
41389 東松浦郡呼子町
0%
41401 西松浦郡有田町
0%
41402 西松浦郡西有田町
0%
41421 杵島郡山内町
0%
41422 杵島郡北方町
0%
41423 杵島郡大町町
0%
41424 杵島郡江北町
0%
41425 杵島郡白石町
0%
41426 杵島郡福富町
0%
41427 杵島郡有明町
0%
41441 藤津郡太良町
0%
41442 藤津郡塩田町
0%
41443 藤津郡嬉野町
0%
42301 西彼杵郡香焼町
0%
42302 西彼杵郡伊王島町
0%
42303 西彼杵郡高島町
0%
42304 西彼杵郡野母崎町
0%
42305 西彼杵郡三和町
0%
42306 西彼杵郡多良見町
0%
42307 西彼杵郡長与町
0%
42308 西彼杵郡時津町
0%
42309 西彼杵郡琴海町
0%
42310 西彼杵郡西彼町
0%
42311 西彼杵郡西海町
0%
42312 西彼杵郡大島町
0%
42313 西彼杵郡崎戸町
0%
42314 西彼杵郡大瀬戸町
0%
42315 西彼杵郡外海町
0%
42323 東彼杵郡波佐見町
0%
42341 北高来郡森山町
0%
42342 北高来郡飯盛町
0%
42343 北高来郡高来町
0%
42344 北高来郡小長井町
0%
42361 南高来郡有明町
0%
42362 南高来郡国見町
0%
42363 南高来郡瑞穂町
0%
42364 南高来郡吾妻町
0%
42365 南高来郡愛野町
0%
42366 南高来郡千々石町
0%
42367 南高来郡小浜町
0%
42368 南高来郡南串山町
0%
42369 南高来郡加津佐町
0%
42370 南高来郡口之津町
0%
42371 南高来郡南有馬町
0%
42372 南高来郡北有馬町
0%
42373 南高来郡西有家町
0%
42374 南高来郡有家町
0%
42375 南高来郡布津町
0%
42376 南高来郡深江町
0%
42381 北松浦郡大島村
0%
42382 北松浦郡生月町
0%
42383 北松浦郡小値賀町
0%
42384 北松浦郡宇久町
0%
42385 北松浦郡田平町
0%
42386 北松浦郡福島町
0%
42387 北松浦郡鷹島町
0%
42388 北松浦郡江迎町
0%
42389 北松浦郡鹿町町
0%
42390 北松浦郡小佐々町
0%
42391 北松浦郡佐々町
0%
42392 北松浦郡吉井町
0%
42393 北松浦郡世知原町
0%
42401 南松浦郡富江町
0%
42402 南松浦郡玉之浦町
0%
42403 南松浦郡三井楽町
0%
42404 南松浦郡岐宿町
0%
42405 南松浦郡奈留町
0%
42406 南松浦郡若松町
0%
42407 南松浦郡上五島町
0%
42408 南松浦郡新魚目町
0%
42409 南松浦郡有川町
0%
42410 南松浦郡奈良尾町
0%
42421 壱岐郡郷ノ浦町
0%
42422 壱岐郡勝本町
0%
42423 壱岐郡芦辺町
0%
42424 壱岐郡石田町
0%
42441 下県郡厳原町
0%
42442 下県郡美津島町
0%
42443 下県郡豊玉町
0%
42444 上県郡峰町
0%
42445 上県郡上県町
0%
42446 上県郡上対馬町
0%
43321 宇土郡三角町
0%
43322 宇土郡不知火町
0%
43341 下益城郡城南町
0%
43342 下益城郡富合町
0%
43343 下益城郡松橋町
0%
43344 下益城郡小川町
0%
43345 下益城郡豊野村
0%
43346 下益城郡中央町
0%
43347 下益城郡砥用町
0%
43361 玉名郡岱明町
0%
43362 玉名郡横島町
0%
43363 玉名郡天水町
0%
43364 玉名郡玉東町
0%
43365 玉名郡菊水町
0%
43366 玉名郡三加和町
0%
43367 玉名郡南関町
0%
43368 玉名郡長洲町
0%
43381 鹿本郡鹿北町
0%
43382 鹿本郡菊鹿町
0%
43383 鹿本郡鹿本町
0%
43384 鹿本郡鹿央町
0%
43385 鹿本郡植木町
0%
43401 菊池郡七城町
0%
43402 菊池郡旭志村
0%
43403 菊池郡大津町
0%
43404 菊池郡菊陽町
0%
43406 菊池郡泗水町
0%
43421 阿蘇郡一の宮町
0%
43422 阿蘇郡阿蘇町
0%
43423 阿蘇郡南小国町
0%
43424 阿蘇郡小国町
0%
43425 阿蘇郡産山村
0%
43426 阿蘇郡波野村
0%
43427 阿蘇郡蘇陽町
0%
43428 阿蘇郡高森町
0%
43429 阿蘇郡白水村
0%
43430 阿蘇郡久木野村
0%
43431 阿蘇郡長陽村
0%
43432 阿蘇郡西原村
0%
43441 上益城郡御船町
0%
43442 上益城郡嘉島町
0%
43443 上益城郡益城町
0%
43444 上益城郡甲佐町
0%
43445 上益城郡矢部町
0%
43446 上益城郡清和村
0%
43461 八代郡坂本村
0%
43462 八代郡千丁町
0%
43463 八代郡鏡町
0%
43464 八代郡竜北町
0%
43465 八代郡宮原町
0%
43466 八代郡東陽村
0%
43467 八代郡泉村
0%
43481 葦北郡田浦町
0%
43482 葦北郡芦北町
0%
43484 葦北郡津奈木町
0%
43501 球磨郡錦町
0%
43502 球磨郡上村
0%
43503 球磨郡免田町
0%
43504 球磨郡岡原村
0%
43505 球磨郡多良木町
0%
43506 球磨郡湯前町
0%
43507 球磨郡水上村
0%
43508 球磨郡須恵村
0%
43509 球磨郡深田村
0%
43510 球磨郡相良村
0%
43511 球磨郡五木村
0%
43512 球磨郡山江村
0%
43513 球磨郡球磨村
0%
43521 天草郡大矢野町
0%
43522 天草郡松島町
0%
43523 天草郡有明町
0%
43524 天草郡姫戸町
0%
43525 天草郡龍ヶ岳町
0%
43526 天草郡御所浦町
0%
43527 天草郡倉岳町
0%
43528 天草郡栖本町
0%
43529 天草郡新和町
0%
43530 天草郡五和町
0%
43531 天草郡苓北町
0%
43532 天草郡天草町
0%
43533 天草郡河浦町
0%
44301 西国東郡大田村
0%
44302 西国東郡真玉町
0%
44303 西国東郡香々地町
0%
44321 東国東郡国見町
0%
44322 東国東郡姫島村
0%
44323 東国東郡国東町
0%
44324 東国東郡武蔵町
0%
44325 東国東郡安岐町
0%
44341 速見郡日出町
0%
44342 速見郡山香町
0%
44361 大分郡野津原町
0%
44362 大分郡挾間町
0%
44363 大分郡庄内町
0%
44381 北海部郡佐賀関町
0%
44401 南海部郡上浦町
0%
44402 南海部郡弥生町
0%
44403 南海部郡本匠村
0%
44404 南海部郡宇目町
0%
44405 南海部郡直川村
0%
44406 南海部郡鶴見町
0%
44407 南海部郡米水津村
0%
44408 南海部郡蒲江町
0%
44421 大野郡野津町
0%
44422 大野郡三重町
0%
44423 大野郡清川村
0%
44424 大野郡緒方町
0%
44425 大野郡朝地町
0%
44426 大野郡大野町
0%
44427 大野郡千歳村
0%
44428 大野郡犬飼町
0%
44441 直入郡荻町
0%
44442 直入郡久住町
0%
44443 直入郡直入町
0%
44461 玖珠郡九重町
0%
44462 玖珠郡玖珠町
0%
44481 日田郡前津江村
0%
44482 日田郡中津江村
0%
44483 日田郡上津江村
0%
44484 日田郡大山町
0%
44485 日田郡天瀬町
0%
44501 下毛郡三光村
0%
44502 下毛郡本耶馬溪町
0%
44503 下毛郡耶馬渓町
0%
44504 下毛郡山国町
0%
44521 宇佐郡院内町
0%
44522 宇佐郡安心院町
0%
45301 宮崎郡清武町
0%
45302 宮崎郡田野町
0%
45303 宮崎郡佐土原町
0%
45321 南那珂郡北郷町
0%
45322 南那珂郡南郷町
0%
45341 北諸県郡三股町
0%
45342 北諸県郡山之口町
0%
45343 北諸県郡高城町
0%
45344 北諸県郡山田町
0%
45345 北諸県郡高崎町
0%
45361 西諸県郡高原町
0%
45362 西諸県郡野尻町
0%
45363 西諸県郡須木村
0%
45381 東諸県郡高岡町
0%
45382 東諸県郡国富町
0%
45383 東諸県郡綾町
0%
45401 児湯郡高鍋町
0%
45402 児湯郡新富町
0%
45403 児湯郡西米良村
0%
45404 児湯郡木城町
0%
45405 児湯郡川南町
0%
45406 児湯郡都農町
0%
45421 東臼杵郡門川町
0%
45422 東臼杵郡東郷町
0%
45423 東臼杵郡南郷村
0%
45424 東臼杵郡西郷村
0%
45425 東臼杵郡北郷村
0%
45426 東臼杵郡北方町
0%
45427 東臼杵郡北川町
0%
45428 東臼杵郡北浦町
0%
45429 東臼杵郡諸塚村
0%
45430 東臼杵郡椎葉村
0%
45441 西臼杵郡高千穂町
0%
45442 西臼杵郡日之影町
0%
45443 西臼杵郡五ヶ瀬町
0%
46205 串木野市
0%
46211 加世田市
0%
46212 国分市
0%
46214 垂水市
0%
46301 鹿児島郡吉田町
0%
46302 鹿児島郡桜島町
0%
46321 揖宿郡喜入町
0%
46322 揖宿郡山川町
0%
46323 揖宿郡頴娃町
0%
46324 揖宿郡開聞町
0%
46341 川辺郡笠沙町
0%
46342 川辺郡大浦町
0%
46343 川辺郡坊津町
0%
46344 川辺郡知覧町
0%
46345 川辺郡川辺町
0%
46361 日置郡市来町
0%
46362 日置郡東市来町
0%
46363 日置郡伊集院町
0%
46364 日置郡松元町
0%
46365 日置郡郡山町
0%
46366 日置郡日吉町
0%
46367 日置郡吹上町
0%
46368 日置郡金峰町
0%
46381 薩摩郡樋脇町
0%
46382 薩摩郡入来町
0%
46383 薩摩郡東郷町
0%
46384 薩摩郡宮之城町
0%
46385 薩摩郡鶴田町
0%
46386 薩摩郡薩摩町
0%
46387 薩摩郡祁答院町
0%
46388 薩摩郡里村
0%
46389 薩摩郡上甑村
0%
46390 薩摩郡下甑村
0%
46391 薩摩郡鹿島村
0%
46401 出水郡野田町
0%
46402 出水郡高尾野町
0%
46403 出水郡東町
0%
46404 出水郡長島町
0%
46421 伊佐郡菱刈町
0%
46441 姶良郡加治木町
0%
46442 姶良郡姶良町
0%
46443 姶良郡蒲生町
0%
46444 姶良郡溝辺町
0%
46445 姶良郡横川町
0%
46446 姶良郡栗野町
0%
46447 姶良郡吉松町
0%
46448 姶良郡牧園町
0%
46449 姶良郡霧島町
0%
46450 姶良郡隼人町
0%
46451 姶良郡福山町
0%
46461 曽於郡大隅町
0%
46462 曽於郡輝北町
0%
46463 曽於郡財部町
0%
46464 曽於郡末吉町
0%
46465 曽於郡松山町
0%
46466 曽於郡志布志町
0%
46467 曽於郡有明町
0%
46468 曽於郡大崎町
0%
46481 肝属郡串良町
0%
46482 肝属郡東串良町
0%
46483 肝属郡内之浦町
0%
46484 肝属郡高山町
0%
46485 肝属郡吾平町
0%
46486 肝属郡大根占町
0%
46487 肝属郡根占町
0%
46488 肝属郡田代町
0%
46489 肝属郡佐多町
0%
46501 熊毛郡中種子町
0%
46502 熊毛郡南種子町
0%
46503 熊毛郡上屋久町
0%
46504 熊毛郡屋久町
0%
46523 大島郡大和村
0%
46524 大島郡宇検村
0%
46525 大島郡瀬戸内町
0%
46526 大島郡住用村
0%
46527 大島郡龍郷町
0%
46528 大島郡笠利町
0%
46529 大島郡喜界町
0%
46530 大島郡徳之島町
0%
46531 大島郡天城町
0%
46532 大島郡伊仙町
0%
46533 大島郡和泊町
0%
46534 大島郡知名町
0%
46535 大島郡与論町
0%
47202 石川市
0%
47203 具志川市
0%
47210 糸満市
0%
47301 国頭郡国頭村
0%
47302 国頭郡大宜味村
0%
47303 国頭郡東村
0%
47306 国頭郡今帰仁村
0%
47308 国頭郡本部町
0%
47311 国頭郡恩納村
0%
47313 国頭郡宜野座村
0%
47314 国頭郡金武町
0%
47315 国頭郡伊江村
0%
47322 中頭郡与那城町
0%
47323 中頭郡勝連町
0%
47325 中頭郡嘉手納町
0%
47329 中頭郡西原町
0%
47341 島尻郡豊見城村
0%
47343 島尻郡東風平町
0%
47344 島尻郡具志頭村
0%
47345 島尻郡玉城村
0%
47346 島尻郡知念村
0%
47347 島尻郡佐敷町
0%
47348 島尻郡与那原町
0%
47349 島尻郡大里村
0%
47350 島尻郡南風原町
0%
47351 島尻郡仲里村
0%
47352 島尻郡具志川村
0%
47353 島尻郡渡嘉敷村
0%
47354 島尻郡座間味村
0%
47355 島尻郡粟国村
0%
47356 島尻郡渡名喜村
0%
47359 島尻郡伊平屋村
0%
47360 島尻郡伊是名村
0%
47371 宮古郡城辺町
0%
47372 宮古郡下地町
0%
47373 宮古郡上野村
0%
47374 宮古郡伊良部町
0%
47375 宮古郡多良間村
0%
47381 八重山郡竹富町
0%
47382 八重山郡与那国町
0%
No matching quizzes found
Score Distribution
Percent of People with Each Score
Percentile by Number Answered
Your Score History
You have not taken this quiz